{"text_format":"1","workbook":"xlsx","n_sheets":2,"sheets":["Данные","Лист1"],"not_rendered":{"charts":0,"images":0,"macros":1,"external_links":0,"defined_names":4,"comments":0,"pivot_tables":0},"unopened":[],"bounds":{"document_bytes":16777216,"sheet_cells":100000,"rows_first":2000,"rows_last":500,"rows_between":2000,"halvings":0,"cell_chars":16384,"cell_head_chars":4096},"cells_cut":0,"cells_raw":0,"read":"whole","date_system":"1900"}

{"sheet":"Данные","index":0,"n_rows":466,"n_cols":10,"rows_kept":466,"cut":false,"hidden":false,"merged":[[1,0,1,9]]}
[null,null,null,null,null,null,null,null,"Приложение №1"]
["Перечень актуальных и готовых к реализации невостребованных МТР"]
[]
["Наименование лота","Наименование ОГ","№ лота","№ позиции","Наименование неликвидных (НЛ) и невостребованных ликвидных (НВЛ) материалов","Ед. изм","Количество","Мин. цена реализации за ед., руб., без НДС ","Сумма, руб. без НДС","Место нахождения"]
["Кабели для промышленной автоматизации и систем управления","ПАО АНК \"Башнефть\" \"Башнефть-Новойл\"",1,1,"Кабель КГПЭфУ 1х2х1,2","М",1807,122.27,{"$f":"G5*H5","v":220941.88999999998},"450045, г. Уфа, ПАО АНК \"Башнефть\" \"Башнефть-Новойл\""]
["Кабели для промышленной автоматизации и систем управления","ПАО АНК \"Башнефть\" \"Башнефть-Новойл\"",1,2,"Кабель КИПвЭВБВ 1х2х0,78","М",37.799999999999997,101.69,3843.8819999999996,"450045, г. Уфа, ПАО АНК \"Башнефть\" \"Башнефть-Новойл\""]
["Кабели для промышленной автоматизации и систем управления","ПАО АНК \"Башнефть\" \"Башнефть-Новойл\"",1,3,"Кабель КИПЭВБВ 2х2х0,6","М",120,119.02,14282.4,"450045, г. Уфа, ПАО АНК \"Башнефть\" \"Башнефть-Новойл\""]
["Кабели для промышленной автоматизации и систем управления","ПАО АНК \"Башнефть\" \"Башнефть-Новойл\"",1,4,"Кабель КИПЭВнг(А)-LS 1х2х0,60","М",350,41.09,14381.500000000002,"450045, г. Уфа, ПАО АНК \"Башнефть\" \"Башнефть-Новойл\""]
["Кабели для промышленной автоматизации и систем управления","ПАО АНК \"Башнефть\" \"Башнефть-Новойл\"",1,5,"Кабель КУВШнг(А)-LS 10х2х1","М",461,142.24,65572.639999999999,"450045, г. Уфа, ПАО АНК \"Башнефть\" \"Башнефть-Новойл\""]
["Кабели для промышленной автоматизации и систем управления","ПАО АНК \"Башнефть\" \"Башнефть-Новойл\"",1,6,"Кабель КуГВВ 3х4","М",50,26.54,1327,"450045, г. Уфа, ПАО АНК \"Башнефть\" \"Башнефть-Новойл\""]
["Кабели для промышленной автоматизации и систем управления","ПАО АНК \"Башнефть\" \"Башнефть-Новойл\"",1,7,"Кабель КУИНнг-FRHF 2х2х0,5","М",148,351.35,51999.8,"450045, г. Уфа, ПАО АНК \"Башнефть\" \"Башнефть-Новойл\""]
["Кабели для промышленной автоматизации и систем управления","ПАО АНК \"Башнефть\" \"Башнефть-Новойл\"",1,8,"Кабель КУИНнг-FRHF 2х2х0,5","М",50,365.17,18258.5,"450045, г. Уфа, ПАО АНК \"Башнефть\" \"Башнефть-Новойл\""]
["Кабели для промышленной автоматизации и систем управления","ПАО АНК \"Башнефть\" \"Башнефть-Новойл\"",1,9,"Кабель КУИНнг-FRHF 2х2х1","М",20,485.68,9713.6,"450045, г. Уфа, ПАО АНК \"Башнефть\" \"Башнефть-Новойл\""]
["Кабели для промышленной автоматизации и систем управления","ПАО АНК \"Башнефть\" \"Башнефть-Новойл\"",1,10,"Кабель КУИНнг-HF ПК 4х2,5","М",31,331.87,10287.969999999999,"450045, г. Уфа, ПАО АНК \"Башнефть\" \"Башнефть-Новойл\""]
["Кабели для промышленной автоматизации и систем управления","ПАО АНК \"Башнефть\" \"Башнефть-Новойл\"",1,11,"Кабель КУИНнг-LS 10х1,5 ВК","М",10,733.12,7331.2,"450045, г. Уфа, ПАО АНК \"Башнефть\" \"Башнефть-Новойл\""]
["Кабели для систем пожарной и охранной сигнализации","ПАО АНК \"Башнефть\" \"Башнефть-Новойл\"",2,12,"Кабель Exzhellent DO2Dt 1х2х1","М",9131,20.059999999999999,183167.86,"450045, г. Уфа, ПАО АНК \"Башнефть\" \"Башнефть-Новойл\""]
["Кабели для систем пожарной и охранной сигнализации","ПАО АНК \"Башнефть\" \"Башнефть-Новойл\"",2,13,"Кабель Exzhellent DO2Dt 1х2х1.5","М",10,61.74,617.4,"450045, г. Уфа, ПАО АНК \"Башнефть\" \"Башнефть-Новойл\""]
["Кабели для систем пожарной и охранной сигнализации","ПАО АНК \"Башнефть\" \"Башнефть-Новойл\"",2,14,"Кабель Exzhellent DO2Dt 1х2х2.5","М",30,77.849999999999994,2335.5,"450045, г. Уфа, ПАО АНК \"Башнефть\" \"Башнефть-Новойл\""]
["Кабели для систем пожарной и охранной сигнализации","ПАО АНК \"Башнефть\" \"Башнефть-Новойл\"",2,15,"Кабель Exzhellent DO2Dt-M 14х1","М",1297,141.69,183771.93,"450045, г. Уфа, ПАО АНК \"Башнефть\" \"Башнефть-Новойл\""]
["Кабели для систем пожарной и охранной сигнализации","ПАО АНК \"Башнефть\" \"Башнефть-Новойл\"",2,16,"Кабель Exzhellent DO2Dt-M 4х1","М",860,60.67,52176.200000000004,"450045, г. Уфа, ПАО АНК \"Башнефть\" \"Башнефть-Новойл\""]
["Кабели для систем пожарной и охранной сигнализации","ПАО АНК \"Башнефть\" \"Башнефть-Новойл\"",2,17,"Кабель Exzhellent RZ1FZ1-K 14х1.5","М",150,74.58,11187,"450045, г. Уфа, ПАО АНК \"Башнефть\" \"Башнефть-Новойл\""]
["Кабели для систем пожарной и охранной сигнализации","ПАО АНК \"Башнефть\" \"Башнефть-Новойл\"",2,18,"Кабель КПСВЭВнг(А)-LS 2х2х0,5","М",12,21.64,259.68,"450045, г. Уфа, ПАО АНК \"Башнефть\" \"Башнефть-Новойл\""]
["Кабели для систем пожарной и охранной сигнализации","ПАО АНК \"Башнефть\" \"Башнефть-Новойл\"",2,19,"Кабель КПСнг(А)-FRLS 2х2х0,50","М",34,22.36,760.24,"450045, г. Уфа, ПАО АНК \"Башнефть\" \"Башнефть-Новойл\""]
["Кабели для систем пожарной и охранной сигнализации","ПАО АНК \"Башнефть\" \"Башнефть-Новойл\"",2,20,"Кабель КПСЭнг(А)-FRLS 1х2х0,5","М",95,15.93,1513.35,"450045, г. Уфа, ПАО АНК \"Башнефть\" \"Башнефть-Новойл\""]
["Кабели для систем пожарной и охранной сигнализации","ПАО АНК \"Башнефть\" \"Башнефть-Новойл\"",2,21,"Кабель КСРЭВнг(А)-FRLS 1х2х0,50","М",928,9.27,8602.56,"450045, г. Уфа, ПАО АНК \"Башнефть\" \"Башнефть-Новойл\""]
["Кабели для систем пожарной и охранной сигнализации","ПАО АНК \"Башнефть\" \"Башнефть-Новойл\"",2,22,"Кабель КСРЭВнг(А)-FRLS 1х2х1","М",22,66.7,1467.4,"450045, г. Уфа, ПАО АНК \"Башнефть\" \"Башнефть-Новойл\""]
["Кабели для телефонии и передачи данных","ПАО АНК \"Башнефть\" \"Башнефть-Новойл\"",3,23,"Кабель 6XV1830-0EH10 Siemens PROFIBUS FC","М",600,132.81,79686,"450045, г. Уфа, ПАО АНК \"Башнефть\" \"Башнефть-Новойл\""]
["Кабели для телефонии и передачи данных","ПАО АНК \"Башнефть\" \"Башнефть-Новойл\"",3,24,"Кабель Belden 3076F 0061000","М",115,56.72,6522.8,"450045, г. Уфа, ПАО АНК \"Башнефть\" \"Башнефть-Новойл\""]
["Кабели для телефонии и передачи данных","ПАО АНК \"Башнефть\" \"Башнефть-Новойл\"",3,25,"Кабель Belden 3076F 0061000","М",15865,56.72,899862.79999999993,"450045, г. Уфа, ПАО АНК \"Башнефть\" \"Башнефть-Новойл\""]
["Кабели для телефонии и передачи данных","ПАО АНК \"Башнефть\" \"Башнефть-Новойл\"",3,26,"Кабель Belden 3076F 0061000","М",5676,56.72,321942.71999999997,"450045, г. Уфа, ПАО АНК \"Башнефть\" \"Башнефть-Новойл\""]
["Кабели для телефонии и передачи данных","ПАО АНК \"Башнефть\" \"Башнефть-Новойл\"",3,27,"Кабель Belden 3076F 0061000","М",3540,56.72,200788.8,"450045, г. Уфа, ПАО АНК \"Башнефть\" \"Башнефть-Новойл\""]
["Кабели для телефонии и передачи данных","ПАО АНК \"Башнефть\" \"Башнефть-Новойл\"",3,28,"Кабель Belden 9841","М",9610,77.97,749291.7,"450045, г. Уфа, ПАО АНК \"Башнефть\" \"Башнефть-Новойл\""]
["Кабели для телефонии и передачи данных","ПАО АНК \"Башнефть\" \"Башнефть-Новойл\"",3,29,"Кабель Belden 9842","М",21,320.41000000000003,6728.6100000000006,"450045, г. Уфа, ПАО АНК \"Башнефть\" \"Башнефть-Новойл\""]
["Кабели для телефонии и передачи данных","ПАО АНК \"Башнефть\" \"Башнефть-Новойл\"",3,30,"Кабель Belden 9842","М",40,308.29000000000002,12331.6,"450045, г. Уфа, ПАО АНК \"Башнефть\" \"Башнефть-Новойл\""]
["Кабели для телефонии и передачи данных","ПАО АНК \"Башнефть\" \"Башнефть-Новойл\"",3,31,"Кабель Draka NOMAK 8x2x0.5+0.5 L403325","М",254,91.14,23149.56,"450045, г. Уфа, ПАО АНК \"Башнефть\" \"Башнефть-Новойл\""]
["Кабели для телефонии и передачи данных","ПАО АНК \"Башнефть\" \"Башнефть-Новойл\"",3,32,"Кабель Draka NOMAK 8x2x0.5+0.5 L403325","М",421,91.14,38369.94,"450045, г. Уфа, ПАО АНК \"Башнефть\" \"Башнефть-Новойл\""]
["Кабели для телефонии и передачи данных","ПАО АНК \"Башнефть\" \"Башнефть-Новойл\"",3,33,"Кабель Draka NOMAK 8x2x0.5+0.5 L403325","М",160,91.14,14582.4,"450045, г. Уфа, ПАО АНК \"Башнефть\" \"Башнефть-Новойл\""]
["Кабели для телефонии и передачи данных","ПАО АНК \"Башнефть\" \"Башнефть-Новойл\"",3,34,"Кабель Draka NOMAK 8x2x0.5+0.5 L403325","М",12,91.14,1093.68,"450045, г. Уфа, ПАО АНК \"Башнефть\" \"Башнефть-Новойл\""]
["Кабели для телефонии и передачи данных","ПАО АНК \"Башнефть\" \"Башнефть-Новойл\"",3,35,"Кабель Draka NOMAK 8x2x0.5+0.5 L403325","М",700,91.14,63798,"450045, г. Уфа, ПАО АНК \"Башнефть\" \"Башнефть-Новойл\""]
["Кабели для телефонии и передачи данных","ПАО АНК \"Башнефть\" \"Башнефть-Новойл\"",3,36,"Кабель Draka NOMAK 8x2x0.5+0.5 L403325","М",50,91.14,4557,"450045, г. Уфа, ПАО АНК \"Башнефть\" \"Башнефть-Новойл\""]
["Кабели для телефонии и передачи данных","ПАО АНК \"Башнефть\" \"Башнефть-Новойл\"",3,37,"Кабель NOMAK 12х2х0,5 1005543-01000DX","М",135,119.21,16093.349999999999,"450045, г. Уфа, ПАО АНК \"Башнефть\" \"Башнефть-Новойл\""]
["Кабели для телефонии и передачи данных","ПАО АНК \"Башнефть\" \"Башнефть-Новойл\"",3,38,"Кабель NOMAK 24х2х0,5 1005544-01000DX","М",445,190.42,84736.9,"450045, г. Уфа, ПАО АНК \"Башнефть\" \"Башнефть-Новойл\""]
["Кабели для телефонии и передачи данных","ПАО АНК \"Башнефть\" \"Башнефть-Новойл\"",3,39,"Кабель NOMAK 24х2х0,5 1005544-01000DX","М",357,190.42,67979.94,"450045, г. Уфа, ПАО АНК \"Башнефть\" \"Башнефть-Новойл\""]
["Кабели для телефонии и передачи данных","ПАО АНК \"Башнефть\" \"Башнефть-Новойл\"",3,40,"Кабель NOMAK 24х2х0,5 1005544-01000DX","М",500,190.78,95390,"450045, г. Уфа, ПАО АНК \"Башнефть\" \"Башнефть-Новойл\""]
["Кабели для телефонии и передачи данных","ПАО АНК \"Башнефть\" \"Башнефть-Новойл\"",3,41,"Кабель NOMAK 24х2х0,5 1005544-01000DX","М",258,183.22,47270.76,"450045, г. Уфа, ПАО АНК \"Башнефть\" \"Башнефть-Новойл\""]
["Кабели термопарные","ПАО АНК \"Башнефть\" \"Башнефть-Новойл\"",4,42,"Кабель термоэлектродный КМТВ-М 8х1,5","М",160,104.77,16763.2,"450045, г. Уфа, ПАО АНК \"Башнефть\" \"Башнефть-Новойл\""]
["Кабели термопарные","ПАО АНК \"Башнефть\" \"Башнефть-Новойл\"",4,43,"Кабель термоэлектродный КМТВ-М 8х1,5","М",619,209.86,129903.34000000001,"450045, г. Уфа, ПАО АНК \"Башнефть\" \"Башнефть-Новойл\""]
["Кабели термопарные","ПАО АНК \"Башнефть\" \"Башнефть-Новойл\"",4,44,"Кабель термоэлектродный КМТВЭВ-ХА 24х1,5","М",150,657.1,98565,"450045, г. Уфа, ПАО АНК \"Башнефть\" \"Башнефть-Новойл\""]
["Кабели термопарные","ПАО АНК \"Башнефть\" \"Башнефть-Новойл\"",4,45,"Кабель термоэлектродный КМТВЭВ-ХА 24х1,5","М",35,657.1,22998.5,"450045, г. Уфа, ПАО АНК \"Башнефть\" \"Башнефть-Новойл\""]
["Кабель и провод термоэлектродный","ПАО АНК \"Башнефть\" \"Башнефть-Новойл\"",5,46,"Кабель КМТВ-М 13х1+13х1,5","М",1126,206.29,232282.53999999998,"450045, г. Уфа, ПАО АНК \"Башнефть\" \"Башнефть-Новойл\""]
["Кабель и провод термоэлектродный","ПАО АНК \"Башнефть\" \"Башнефть-Новойл\"",5,47,"Кабель КМТВ-М 13х1+13х1,5","М",821,298.01,244666.21,"450045, г. Уфа, ПАО АНК \"Башнефть\" \"Башнефть-Новойл\""]
["Кабель и провод термоэлектродный","ПАО АНК \"Башнефть\" \"Башнефть-Новойл\"",5,48,"Кабель КМТВ-М 14х1,5","М",255,144.91,36952.049999999996,"450045, г. Уфа, ПАО АНК \"Башнефть\" \"Башнефть-Новойл\""]
["Кабель и провод термоэлектродный","ПАО АНК \"Башнефть\" \"Башнефть-Новойл\"",5,49,"Кабель КМТВ-М 18х1.5","М",120,235.29,28234.799999999999,"450045, г. Уфа, ПАО АНК \"Башнефть\" \"Башнефть-Новойл\""]
["Кабель и провод термоэлектродный","ПАО АНК \"Башнефть\" \"Башнефть-Новойл\"",5,50,"Кабель КМТВ-М 26х1,5","М",150,341.98,51297,"450045, г. Уфа, ПАО АНК \"Башнефть\" \"Башнефть-Новойл\""]
["Кабель и провод термоэлектродный","ПАО АНК \"Башнефть\" \"Башнефть-Новойл\"",5,51,"Кабель КМТВ-М 4х1+4х1,5","М",326,94.18,30702.680000000004,"450045, г. Уфа, ПАО АНК \"Башнефть\" \"Башнефть-Новойл\""]
["Кабель и провод термоэлектродный","ПАО АНК \"Башнефть\" \"Башнефть-Новойл\"",5,52,"Кабель КМТВ-М 4х1+4х1,5","М",510,98.46,50214.6,"450045, г. Уфа, ПАО АНК \"Башнефть\" \"Башнефть-Новойл\""]
["Кабель и провод термоэлектродный","ПАО АНК \"Башнефть\" \"Башнефть-Новойл\"",5,53,"Кабель КМТВ-М 4х1+4х1,5","М",200,94.18,18836,"450045, г. Уфа, ПАО АНК \"Башнефть\" \"Башнефть-Новойл\""]
["Кабель и провод термоэлектродный","ПАО АНК \"Башнефть\" \"Башнефть-Новойл\"",5,54,"Кабель КМТВ-М 4х1+4х2,5","М",100,150.31,15031,"450045, г. Уфа, ПАО АНК \"Башнефть\" \"Башнефть-Новойл\""]
["Кабель и провод термоэлектродный","ПАО АНК \"Башнефть\" \"Башнефть-Новойл\"",5,55,"Кабель КМТВ-М 7х1+7х1,5","М",2458,170.5,419089,"450045, г. Уфа, ПАО АНК \"Башнефть\" \"Башнефть-Новойл\""]
["Кабель и провод термоэлектродный","ПАО АНК \"Башнефть\" \"Башнефть-Новойл\"",5,56,"Кабель КМТВ-М 7х1+7х1,5","М",2875,170.5,490187.5,"450045, г. Уфа, ПАО АНК \"Башнефть\" \"Башнефть-Новойл\""]
["Кабель и провод термоэлектродный","ПАО АНК \"Башнефть\" \"Башнефть-Новойл\"",5,57,"Кабель КМТВ-М 7х1+7х1,5","М",1125,170.5,191812.5,"450045, г. Уфа, ПАО АНК \"Башнефть\" \"Башнефть-Новойл\""]
["Кабель и провод термоэлектродный","ПАО АНК \"Башнефть\" \"Башнефть-Новойл\"",5,58,"Кабель КМТВЭВ-М 13х1+13х1,5","М",417,270.82,112931.94,"450045, г. Уфа, ПАО АНК \"Башнефть\" \"Башнефть-Новойл\""]
["Кабель и провод термоэлектродный","ПАО АНК \"Башнефть\" \"Башнефть-Новойл\"",5,59,"Кабель КМТВЭВ-М 7х1,0+7х1,5","М",40,148.35,5934,"450045, г. Уфа, ПАО АНК \"Башнефть\" \"Башнефть-Новойл\""]
["Кабель и провод термоэлектродный","ПАО АНК \"Башнефть\" \"Башнефть-Новойл\"",5,60,"Кабель КМЭЛ-1-ВЭфВнг(А)-LS 7х(2х1)","М",109,162.94999999999999,17761.55,"450045, г. Уфа, ПАО АНК \"Башнефть\" \"Башнефть-Новойл\""]
["Кабель и провод термоэлектродный","ПАО АНК \"Башнефть\" \"Башнефть-Новойл\"",5,61,"Кабель КМЭЛ-ВЭВзнг(А)-LS 10х2х1,5","М",177,334.54,59213.58,"450045, г. Уфа, ПАО АНК \"Башнефть\" \"Башнефть-Новойл\""]
["Кабель и провод термоэлектродный","ПАО АНК \"Башнефть\" \"Башнефть-Новойл\"",5,62,"Кабель КМЭЛ-ВЭВзнг(А)-LS 12х3х1","М",1155,413.3,477361.5,"450045, г. Уфа, ПАО АНК \"Башнефть\" \"Башнефть-Новойл\""]
["Кабель и провод термоэлектродный","ПАО АНК \"Башнефть\" \"Башнефть-Новойл\"",5,63,"Кабель КМЭЛ-ВЭВзнг(А)-LS 14х2х1,5","М",793,448.99,356049.07,"450045, г. Уфа, ПАО АНК \"Башнефть\" \"Башнефть-Новойл\""]
["Кабель и провод термоэлектродный","ПАО АНК \"Башнефть\" \"Башнефть-Новойл\"",5,64,"Кабель КМЭЛ-ВЭВзнг(А)-LS 14х2х1,5","М",150,448.99,67348.5,"450045, г. Уфа, ПАО АНК \"Башнефть\" \"Башнефть-Новойл\""]
["Кабель и провод термоэлектродный","ПАО АНК \"Башнефть\" \"Башнефть-Новойл\"",5,65,"Кабель КМЭЛ-МВЭВзнг(А)-LS 7х2х1,5","М",90,227.78,{"$f":"G69*H69","v":20500.2},"450045, г. Уфа, ПАО АНК \"Башнефть\" \"Башнефть-Новойл\""]
["Кабель контрольный с медной жилой","ПАО АНК \"Башнефть\" \"Башнефть-Новойл\"",6,66,"Кабель КВБбШвнг 7х1","М",36,577.87,20803.32,"450045, г. Уфа, ПАО АНК \"Башнефть\" \"Башнефть-Новойл\""]
["Кабель контрольный с медной жилой","ПАО АНК \"Башнефть\" \"Башнефть-Новойл\"",6,67,"Кабель КВБбШвнг(А) 10х1","М",302,30.71,9274.42,"450045, г. Уфа, ПАО АНК \"Башнефть\" \"Башнефть-Новойл\""]
["Кабель контрольный с медной жилой","ПАО АНК \"Башнефть\" \"Башнефть-Новойл\"",6,68,"Кабель КВБбШвнг(А) 7х1.5","М",140,28.82,4034.8,"450045, г. Уфа, ПАО АНК \"Башнефть\" \"Башнефть-Новойл\""]
["Кабель контрольный с медной жилой","ПАО АНК \"Башнефть\" \"Башнефть-Новойл\"",6,69,"Кабель КВБбШвнг(А)-LS 4х1","М",162,31.29,5068.9799999999996,"450045, г. Уфа, ПАО АНК \"Башнефть\" \"Башнефть-Новойл\""]
["Кабель контрольный с медной жилой","ПАО АНК \"Башнефть\" \"Башнефть-Новойл\"",6,70,"Кабель КВБбШвнг(А)-LS 4х1","М",65,31.29,2033.85,"450045, г. Уфа, ПАО АНК \"Башнефть\" \"Башнефть-Новойл\""]
["Кабель контрольный с медной жилой","ПАО АНК \"Башнефть\" \"Башнефть-Новойл\"",6,71,"Кабель КВБбШвнг(А)-LS 7х1.5","М",65,30.34,1972.1,"450045, г. Уфа, ПАО АНК \"Башнефть\" \"Башнефть-Новойл\""]
["Кабель контрольный с медной жилой","ПАО АНК \"Башнефть\" \"Башнефть-Новойл\"",6,72,"Кабель КВБбШвнг(А)-LS 7х1.5","М",7,43.82,306.74,"450045, г. Уфа, ПАО АНК \"Башнефть\" \"Башнефть-Новойл\""]
["Кабель контрольный с медной жилой","ПАО АНК \"Башнефть\" \"Башнефть-Новойл\"",6,73,"Кабель КВБбШнг 10х1.5","М",91,43.65,3972.15,"450045, г. Уфа, ПАО АНК \"Башнефть\" \"Башнефть-Новойл\""]
["Кабель контрольный с медной жилой","ПАО АНК \"Башнефть\" \"Башнефть-Новойл\"",6,74,"Кабель КВБбШнг 10х1.5","М",170,43.65,7420.5,"450045, г. Уфа, ПАО АНК \"Башнефть\" \"Башнефть-Новойл\""]
["Кабель контрольный с медной жилой","ПАО АНК \"Башнефть\" \"Башнефть-Новойл\"",6,75,"Кабель КВБбШнг 19х1,5","М",3,79.66,238.98,"450045, г. Уфа, ПАО АНК \"Башнефть\" \"Башнефть-Новойл\""]
["Кабель контрольный с медной жилой","ПАО АНК \"Башнефть\" \"Башнефть-Новойл\"",6,76,"Кабель КВБбШнг 19х1,5","М",4,79.66,318.64,"450045, г. Уфа, ПАО АНК \"Башнефть\" \"Башнефть-Новойл\""]
["Кабель контрольный с медной жилой","ПАО АНК \"Башнефть\" \"Башнефть-Новойл\"",6,77,"Кабель КВБбШнг 19х1,5","М",33,88.79,2930.07,"450045, г. Уфа, ПАО АНК \"Башнефть\" \"Башнефть-Новойл\""]
["Кабель контрольный с медной жилой","ПАО АНК \"Башнефть\" \"Башнефть-Новойл\"",6,78,"Кабель КВБбШнг(А) 5х2,5","М",180,45.35,8163,"450045, г. Уфа, ПАО АНК \"Башнефть\" \"Башнефть-Новойл\""]
["Кабель контрольный с медной жилой","ПАО АНК \"Башнефть\" \"Башнефть-Новойл\"",6,79,"Кабель КВБбШнг(А)-LS 14х1,5","М",200,102.85,20570,"450045, г. Уфа, ПАО АНК \"Башнефть\" \"Башнефть-Новойл\""]
["Кабель контрольный с медной жилой","ПАО АНК \"Башнефть\" \"Башнефть-Новойл\"",6,80,"Кабель КВБВнг(А)-LS 19х1,0","М",850,91.67,77919.5,"450045, г. Уфа, ПАО АНК \"Башнефть\" \"Башнефть-Новойл\""]
["Кабель контрольный с медной жилой","ПАО АНК \"Башнефть\" \"Башнефть-Новойл\"",6,81,"Кабель КВБВнг(А)-LS 19х1,0","М",525,91.67,48126.75,"450045, г. Уфа, ПАО АНК \"Башнефть\" \"Башнефть-Новойл\""]
["Кабель контрольный с медной жилой","ПАО АНК \"Башнефть\" \"Башнефть-Новойл\"",6,82,"Кабель КВВГз 7х2.5","М",8,63.12,504.96,"450045, г. Уфа, ПАО АНК \"Башнефть\" \"Башнефть-Новойл\""]
["Кабель контрольный с медной жилой","ПАО АНК \"Башнефть\" \"Башнефть-Новойл\"",6,83,"Кабель КВВГзнг(А) 7х1.5","М",15,21.82,327.3,"450045, г. Уфа, ПАО АНК \"Башнефть\" \"Башнефть-Новойл\""]
["Кабель контрольный с медной жилой","ПАО АНК \"Башнефть\" \"Башнефть-Новойл\"",6,84,"Кабель КВВГнг 10х2.5","М",43,67.63,2908.0899999999997,"450045, г. Уфа, ПАО АНК \"Башнефть\" \"Башнефть-Новойл\""]
["Кабель контрольный с медной жилой","ПАО АНК \"Башнефть\" \"Башнефть-Новойл\"",6,85,"Кабель КВВГнг 7х2.5","М",24,48,1152,"450045, г. Уфа, ПАО АНК \"Башнефть\" \"Башнефть-Новойл\""]
["Кабель контрольный с медной жилой","ПАО АНК \"Башнефть\" \"Башнефть-Новойл\"",6,86,"Кабель КВВГнг(A)-LS 10Х1,5","М",715,49.16,35149.399999999994,"450045, г. Уфа, ПАО АНК \"Башнефть\" \"Башнефть-Новойл\""]
["Кабель контрольный с медной жилой","ПАО АНК \"Башнефть\" \"Башнефть-Новойл\"",6,87,"Кабель КВВГнг(А) 14х1,5","М",90,66.58,5992.2,"450045, г. Уфа, ПАО АНК \"Башнефть\" \"Башнефть-Новойл\""]
["Кабель контрольный с медной жилой","ПАО АНК \"Башнефть\" \"Башнефть-Новойл\"",6,88,"Кабель КВВГнг(А) 14х2,5","М",40,93.59,3743.6000000000004,"450045, г. Уфа, ПАО АНК \"Башнефть\" \"Башнефть-Новойл\""]
["Кабель контрольный с медной жилой","ПАО АНК \"Башнефть\" \"Башнефть-Новойл\"",6,89,"Кабель КВВГнг(А)-FRLS 4х1,5","М",9,118.69,1068.21,"450045, г. Уфа, ПАО АНК \"Башнефть\" \"Башнефть-Новойл\""]
["Кабель контрольный с медной жилой","ПАО АНК \"Башнефть\" \"Башнефть-Новойл\"",6,90,"Кабель КВВГнг(А)-FRLS 7х1,5","М",10,603.74,6037.4,"450045, г. Уфа, ПАО АНК \"Башнефть\" \"Башнефть-Новойл\""]
["Кабель контрольный с медной жилой","ПАО АНК \"Башнефть\" \"Башнефть-Новойл\"",6,91,"Кабель КВВГнг(А)-FRLS 7х1,5","М",15,603.74,9056.1,"450045, г. Уфа, ПАО АНК \"Башнефть\" \"Башнефть-Новойл\""]
["Кабель контрольный с медной жилой","ПАО АНК \"Башнефть\" \"Башнефть-Новойл\"",6,92,"Кабель КВВГнг(А)-LS 10х1,0","М",135,28.18,3804.3,"450045, г. Уфа, ПАО АНК \"Башнефть\" \"Башнефть-Новойл\""]
["Кабель контрольный с медной жилой","ПАО АНК \"Башнефть\" \"Башнефть-Новойл\"",6,93,"Кабель КВВГнг-LS 4х2.5","М",21,39.75,834.75,"450045, г. Уфа, ПАО АНК \"Башнефть\" \"Башнефть-Новойл\""]
["Кабель контрольный с медной жилой","ПАО АНК \"Башнефть\" \"Башнефть-Новойл\"",6,94,"Кабель КВВГЭнг 4х2.5","М",80,33.53,2682.4,"450045, г. Уфа, ПАО АНК \"Башнефть\" \"Башнефть-Новойл\""]
["Кабель контрольный с медной жилой","ПАО АНК \"Башнефть\" \"Башнефть-Новойл\"",6,95,"Кабель КВВГЭнг 7х2.5","М",50,56.78,2839,"450045, г. Уфа, ПАО АНК \"Башнефть\" \"Башнефть-Новойл\""]
["Кабель контрольный с медной жилой","ПАО АНК \"Башнефть\" \"Башнефть-Новойл\"",6,96,"Кабель КВВГЭнг(A)-LS 37х1,0","М",102,169.83,17322.66,"450045, г. Уфа, ПАО АНК \"Башнефть\" \"Башнефть-Новойл\""]
["Кабель контрольный с медной жилой","ПАО АНК \"Башнефть\" \"Башнефть-Новойл\"",6,97,"Кабель КВВГЭнг(А)-LS 10х1,5","М",120,38.01,4561.2,"450045, г. Уфа, ПАО АНК \"Башнефть\" \"Башнефть-Новойл\""]
["Кабель контрольный с медной жилой","ПАО АНК \"Башнефть\" \"Башнефть-Новойл\"",6,98,"Кабель КВВГЭнг(А)-LS 10х1,5","М",50,38.01,1900.5,"450045, г. Уфа, ПАО АНК \"Башнефть\" \"Башнефть-Новойл\""]
["Кабель контрольный с медной жилой","ПАО АНК \"Башнефть\" \"Башнефть-Новойл\"",6,99,"Кабель КВВГЭнг(А)-LS 10х1,5","М",55,38.01,2090.5499999999997,"450045, г. Уфа, ПАО АНК \"Башнефть\" \"Башнефть-Новойл\""]
["Кабель контрольный с медной жилой","ПАО АНК \"Башнефть\" \"Башнефть-Новойл\"",6,100,"Кабель КВВГЭнг(А)-LS 14х1,0","М",20,56.18,1123.5999999999999,"450045, г. Уфа, ПАО АНК \"Башнефть\" \"Башнефть-Новойл\""]
["Кабель контрольный с медной жилой","ПАО АНК \"Башнефть\" \"Башнефть-Новойл\"",6,101,"Кабель КВВГЭнг(А)-LS 14х1,0","М",290,56.18,16292.2,"450045, г. Уфа, ПАО АНК \"Башнефть\" \"Башнефть-Новойл\""]
["Кабель контрольный с медной жилой","ПАО АНК \"Башнефть\" \"Башнефть-Новойл\"",6,102,"Кабель КВВГЭнг(А)-LS 19х1,0","М",80,60.71,4856.8,"450045, г. Уфа, ПАО АНК \"Башнефть\" \"Башнефть-Новойл\""]
["Кабель контрольный с медной жилой","ПАО АНК \"Башнефть\" \"Башнефть-Новойл\"",6,103,"Кабель КВВГЭнг(А)-LS 19х1,5","М",17,115.02,1955.34,"450045, г. Уфа, ПАО АНК \"Башнефть\" \"Башнефть-Новойл\""]
["Кабель контрольный с медной жилой","ПАО АНК \"Башнефть\" \"Башнефть-Новойл\"",6,104,"Кабель КВВГЭнг(А)-LS 27х1,0","М",22,104.04,2288.88,"450045, г. Уфа, ПАО АНК \"Башнефть\" \"Башнефть-Новойл\""]
["Кабель контрольный с медной жилой","ПАО АНК \"Башнефть\" \"Башнефть-Новойл\"",6,105,"Кабель КВВГЭнг(А)-LS 5х1,0","М",29,16.809999999999999,487.48999999999995,"450045, г. Уфа, ПАО АНК \"Башнефть\" \"Башнефть-Новойл\""]
["Кабель контрольный с медной жилой","ПАО АНК \"Башнефть\" \"Башнефть-Новойл\"",6,106,"Кабель КВВГЭнг(А)-LS 5х1,0","М",16,16.809999999999999,268.95999999999998,"450045, г. Уфа, ПАО АНК \"Башнефть\" \"Башнефть-Новойл\""]
["Кабель контрольный с медной жилой","ПАО АНК \"Башнефть\" \"Башнефть-Новойл\"",6,107,"Кабель КВВГЭнг(А)-LS 5х1.5 0.66","М",537,19.559999999999999,10503.72,"450045, г. Уфа, ПАО АНК \"Башнефть\" \"Башнефть-Новойл\""]
["Кабель контрольный с медной жилой","ПАО АНК \"Башнефть\" \"Башнефть-Новойл\"",6,108,"Кабель КВВГЭнг(А)-LS 7х1,0","М",104,29.36,3053.44,"450045, г. Уфа, ПАО АНК \"Башнефть\" \"Башнефть-Новойл\""]
["Кабель контрольный с медной жилой","ПАО АНК \"Башнефть\" \"Башнефть-Новойл\"",6,109,"Кабель КВВГЭнг(А)-ХЛ 10Х2,5","М",45,73.930000000000007,3326.8500000000004,"450045, г. Уфа, ПАО АНК \"Башнефть\" \"Башнефть-Новойл\""]
["Кабель контрольный с медной жилой","ПАО АНК \"Башнефть\" \"Башнефть-Новойл\"",6,110,"Кабель КВВГЭнг(А)-ХЛ 10Х2,5","М",30,76.84,{"$f":"G114*H114","v":2305.2000000000003},"450045, г. Уфа, ПАО АНК \"Башнефть\" \"Башнефть-Новойл\""]
["Кабель контрольный с медной жилой","ПАО АНК \"Башнефть\" \"Башнефть-Новойл\"",6,111,"Кабель КВВГЭнг-LS 19х1","М",19,113.6,2158.4,"450045, г. Уфа, ПАО АНК \"Башнефть\" \"Башнефть-Новойл\""]
["Кабель контрольный с медной жилой","ПАО АНК \"Башнефть\" \"Башнефть-Новойл\"",6,112,"Кабель КВКбШвнг(А)-LS 7х1","М",12,44.74,536.88,"450045, г. Уфа, ПАО АНК \"Башнефть\" \"Башнефть-Новойл\""]
["Кабель контрольный с медной жилой","ПАО АНК \"Башнефть\" \"Башнефть-Новойл\"",6,113,"Кабель контрольный КВБбШв 10х1,0","М",60,46.8,2808,"450045, г. Уфа, ПАО АНК \"Башнефть\" \"Башнефть-Новойл\""]
["Кабель контрольный с медной жилой","ПАО АНК \"Башнефть\" \"Башнефть-Новойл\"",6,114,"Кабель контрольный КВБбШв 10х1,0","М",32,46.8,1497.6,"450045, г. Уфа, ПАО АНК \"Башнефть\" \"Башнефть-Новойл\""]
["Кабель контрольный с медной жилой","ПАО АНК \"Башнефть\" \"Башнефть-Новойл\"",6,115,"Кабель контрольный КВБбШв 10х2,5","М",150,84.2,12630,"450045, г. Уфа, ПАО АНК \"Башнефть\" \"Башнефть-Новойл\""]
["Кабель контрольный с медной жилой","ПАО АНК \"Башнефть\" \"Башнефть-Новойл\"",6,116,"Кабель контрольный КВБбШв 14х1,0","М",166,61.26,10169.16,"450045, г. Уфа, ПАО АНК \"Башнефть\" \"Башнефть-Новойл\""]
["Кабель контрольный с медной жилой","ПАО АНК \"Башнефть\" \"Башнефть-Новойл\"",6,117,"Кабель контрольный КВБбШв 14х1,0","М",1915,58.94,112870.09999999999,"450045, г. Уфа, ПАО АНК \"Башнефть\" \"Башнефть-Новойл\""]
["Кабель контрольный с медной жилой","ПАО АНК \"Башнефть\" \"Башнефть-Новойл\"",6,118,"Кабель контрольный КВБбШв 14х1,5","М",111,76.55,8497.0499999999993,"450045, г. Уфа, ПАО АНК \"Башнефть\" \"Башнефть-Новойл\""]
["Кабель контрольный с медной жилой","ПАО АНК \"Башнефть\" \"Башнефть-Новойл\"",6,119,"Кабель контрольный КВБбШв 14х1,5","М",80,76.55,6124,"450045, г. Уфа, ПАО АНК \"Башнефть\" \"Башнефть-Новойл\""]
["Кабель контрольный с медной жилой","ПАО АНК \"Башнефть\" \"Башнефть-Новойл\"",6,120,"Кабель контрольный КВБбШв 19х1,5","М",71,93.58,6644.18,"450045, г. Уфа, ПАО АНК \"Башнефть\" \"Башнефть-Новойл\""]
["Кабель контрольный с медной жилой","ПАО АНК \"Башнефть\" \"Башнефть-Новойл\"",6,121,"Кабель контрольный КВБбШв 19х1,5","М",100,93.58,9358,"450045, г. Уфа, ПАО АНК \"Башнефть\" \"Башнефть-Новойл\""]
["Кабель контрольный с медной жилой","ПАО АНК \"Башнефть\" \"Башнефть-Новойл\"",6,122,"Кабель контрольный КВБбШв 19х1,5","М",12,93.58,1122.96,"450045, г. Уфа, ПАО АНК \"Башнефть\" \"Башнефть-Новойл\""]
["Кабель контрольный с медной жилой","ПАО АНК \"Башнефть\" \"Башнефть-Новойл\"",6,123,"Кабель контрольный КВБбШв 27х1,0","М",50,107.15,5357.5,"450045, г. Уфа, ПАО АНК \"Башнефть\" \"Башнефть-Новойл\""]
["Кабель контрольный с медной жилой","ПАО АНК \"Башнефть\" \"Башнефть-Новойл\"",6,124,"Кабель контрольный КВБбШв 37х1,5","М",145,177.97,25805.65,"450045, г. Уфа, ПАО АНК \"Башнефть\" \"Башнефть-Новойл\""]
["Кабель контрольный с медной жилой","ПАО АНК \"Башнефть\" \"Башнефть-Новойл\"",6,125,"Кабель контрольный КВБбШв 4х1,0","М",4330,18.2,78806,"450045, г. Уфа, ПАО АНК \"Башнефть\" \"Башнефть-Новойл\""]
["Кабель контрольный с медной жилой","ПАО АНК \"Башнефть\" \"Башнефть-Новойл\"",6,126,"Кабель контрольный КВБбШв 4х1,0","М",219,18.2,3985.7999999999997,"450045, г. Уфа, ПАО АНК \"Башнефть\" \"Башнефть-Новойл\""]
["Кабель контрольный с медной жилой","ПАО АНК \"Башнефть\" \"Башнефть-Новойл\"",6,127,"Кабель контрольный КВБбШв 4х1,0","М",250,18.2,4550,"450045, г. Уфа, ПАО АНК \"Башнефть\" \"Башнефть-Новойл\""]
["Кабель контрольный с медной жилой","ПАО АНК \"Башнефть\" \"Башнефть-Новойл\"",6,128,"Кабель контрольный КВБбШв 4х1,0","М",1155,18.2,21021,"450045, г. Уфа, ПАО АНК \"Башнефть\" \"Башнефть-Новойл\""]
["Кабель контрольный с медной жилой","ПАО АНК \"Башнефть\" \"Башнефть-Новойл\"",6,129,"Кабель контрольный КВБбШв 4х1,0","М",15781,18.2,287214.2,"450045, г. Уфа, ПАО АНК \"Башнефть\" \"Башнефть-Новойл\""]
["Кабель контрольный с медной жилой","ПАО АНК \"Башнефть\" \"Башнефть-Новойл\"",6,130,"Кабель контрольный КВБбШв 4х1,0","М",16000,18.2,291200,"450045, г. Уфа, ПАО АНК \"Башнефть\" \"Башнефть-Новойл\""]
["Кабель контрольный с медной жилой","ПАО АНК \"Башнефть\" \"Башнефть-Новойл\"",6,131,"Кабель контрольный КВБбШв 4х1,0","М",895,18.739999999999998,16772.3,"450045, г. Уфа, ПАО АНК \"Башнефть\" \"Башнефть-Новойл\""]
["Кабель контрольный с медной жилой","ПАО АНК \"Башнефть\" \"Башнефть-Новойл\"",6,132,"Кабель контрольный КВБбШв 4х1,0","М",125,16.71,2088.75,"450045, г. Уфа, ПАО АНК \"Башнефть\" \"Башнефть-Новойл\""]
["Кабель контрольный с медной жилой","ПАО АНК \"Башнефть\" \"Башнефть-Новойл\"",6,133,"Кабель контрольный КВБбШв 7х1,0","М",3699,24.02,88849.98,"450045, г. Уфа, ПАО АНК \"Башнефть\" \"Башнефть-Новойл\""]
["Кабель контрольный с медной жилой","ПАО АНК \"Башнефть\" \"Башнефть-Новойл\"",6,134,"Кабель контрольный КВБбШв 7х1,0","М",100,26.95,2695,"450045, г. Уфа, ПАО АНК \"Башнефть\" \"Башнефть-Новойл\""]
["Кабель контрольный с медной жилой","ПАО АНК \"Башнефть\" \"Башнефть-Новойл\"",6,135,"Кабель контрольный КВБбШв 7х2,5","М",32,55.21,1766.72,"450045, г. Уфа, ПАО АНК \"Башнефть\" \"Башнефть-Новойл\""]
["Кабель контрольный с медной жилой","ПАО АНК \"Башнефть\" \"Башнефть-Новойл\"",6,136,"Кабель контрольный КВБбШвнг(А) 14х2,5","М",225,82.32,18522,"450045, г. Уфа, ПАО АНК \"Башнефть\" \"Башнефть-Новойл\""]
["Кабель контрольный с медной жилой","ПАО АНК \"Башнефть\" \"Башнефть-Новойл\"",6,137,"Кабель контрольный КВБбШвнг(А) 4х1,5","М",39,26.74,1042.8599999999999,"450045, г. Уфа, ПАО АНК \"Башнефть\" \"Башнефть-Новойл\""]
["Кабель контрольный с медной жилой","ПАО АНК \"Башнефть\" \"Башнефть-Новойл\"",6,138,"Кабель контрольный КВБбШвнг(А) 4х1,5","М",61,26.74,1631.1399999999999,"450045, г. Уфа, ПАО АНК \"Башнефть\" \"Башнефть-Новойл\""]
["Кабель контрольный с медной жилой","ПАО АНК \"Башнефть\" \"Башнефть-Новойл\"",6,139,"Кабель контрольный КВБбШвнг(А)-LS 7х1,0","М",185,29.63,5481.55,"450045, г. Уфа, ПАО АНК \"Башнефть\" \"Башнефть-Новойл\""]
["Кабель контрольный с медной жилой","ПАО АНК \"Башнефть\" \"Башнефть-Новойл\"",6,140,"Кабель контрольный КВБбШвнг(А)-LS 7х1,0","М",100,29.63,2963,"450045, г. Уфа, ПАО АНК \"Башнефть\" \"Башнефть-Новойл\""]
["Кабель контрольный с медной жилой","ПАО АНК \"Башнефть\" \"Башнефть-Новойл\"",6,141,"Кабель контрольный КВБбШвнг(А)-LS 7х1,0","М",55,29.63,1629.6499999999999,"450045, г. Уфа, ПАО АНК \"Башнефть\" \"Башнефть-Новойл\""]
["Кабель контрольный с медной жилой","ПАО АНК \"Башнефть\" \"Башнефть-Новойл\"",6,142,"Кабель контрольный КВБбШвнг(А)-LS 7х1,0","М",113,29.63,3348.19,"450045, г. Уфа, ПАО АНК \"Башнефть\" \"Башнефть-Новойл\""]
["Кабель контрольный с медной жилой","ПАО АНК \"Башнефть\" \"Башнефть-Новойл\"",6,143,"Кабель контрольный КВБбШвнг-LS 5х1,5","М",16,30.1,481.6,"450045, г. Уфа, ПАО АНК \"Башнефть\" \"Башнефть-Новойл\""]
["Кабель контрольный с медной жилой","ПАО АНК \"Башнефть\" \"Башнефть-Новойл\"",6,144,"Кабель контрольный КВБбШвнг-LS 5х1,5","М",24,37.43,898.31999999999994,"450045, г. Уфа, ПАО АНК \"Башнефть\" \"Башнефть-Новойл\""]
["Кабель контрольный с медной жилой","ПАО АНК \"Башнефть\" \"Башнефть-Новойл\"",6,145,"Кабель контрольный КВБбШнг(А) 19х1,5","М",120,87.25,10470,"450045, г. Уфа, ПАО АНК \"Башнефть\" \"Башнефть-Новойл\""]
["Кабель контрольный с медной жилой","ПАО АНК \"Башнефть\" \"Башнефть-Новойл\"",6,146,"Кабель контрольный КВБбШнг(А) 5х1,0","М",24,32.31,775.44,"450045, г. Уфа, ПАО АНК \"Башнефть\" \"Башнефть-Новойл\""]
["Кабель контрольный с медной жилой","ПАО АНК \"Башнефть\" \"Башнефть-Новойл\"",6,147,"Кабель контрольный КВБбШнг(А) 7х1,0","М",50,43.07,2153.5,"450045, г. Уфа, ПАО АНК \"Башнефть\" \"Башнефть-Новойл\""]
["Кабель контрольный с медной жилой","ПАО АНК \"Башнефть\" \"Башнефть-Новойл\"",6,148,"Кабель контрольный КВБбШнг(А)-ХЛ 4х1,5","М",17,27.51,467.67,"450045, г. Уфа, ПАО АНК \"Башнефть\" \"Башнефть-Новойл\""]
["Кабель контрольный с медной жилой","ПАО АНК \"Башнефть\" \"Башнефть-Новойл\"",6,149,"Кабель контрольный КВВБГ 14х1,5","М",600,89.71,53825.999999999993,"450045, г. Уфа, ПАО АНК \"Башнефть\" \"Башнефть-Новойл\""]
["Кабель контрольный с медной жилой","ПАО АНК \"Башнефть\" \"Башнефть-Новойл\"",6,150,"Кабель контрольный КВВГ 10х1,0","М",1855,17.88,33167.4,"450045, г. Уфа, ПАО АНК \"Башнефть\" \"Башнефть-Новойл\""]
["Кабель контрольный с медной жилой","ПАО АНК \"Башнефть\" \"Башнефть-Новойл\"",6,151,"Кабель контрольный КВВГ 10х1,0","М",250,17.88,4470,"450045, г. Уфа, ПАО АНК \"Башнефть\" \"Башнефть-Новойл\""]
["Кабель контрольный с медной жилой","ПАО АНК \"Башнефть\" \"Башнефть-Новойл\"",6,152,"Кабель контрольный КВВГ 10х1,0","М",400,17.88,7152,"450045, г. Уфа, ПАО АНК \"Башнефть\" \"Башнефть-Новойл\""]
["Кабель контрольный с медной жилой","ПАО АНК \"Башнефть\" \"Башнефть-Новойл\"",6,153,"Кабель контрольный КВВГ 10х1,0","М",200,17.88,3576,"450045, г. Уфа, ПАО АНК \"Башнефть\" \"Башнефть-Новойл\""]
["Кабель контрольный с медной жилой","ПАО АНК \"Башнефть\" \"Башнефть-Новойл\"",6,154,"Кабель контрольный КВВГ 14х1,5","М",208,46.67,9707.36,"450045, г. Уфа, ПАО АНК \"Башнефть\" \"Башнефть-Новойл\""]
["Кабель контрольный с медной жилой","ПАО АНК \"Башнефть\" \"Башнефть-Новойл\"",6,155,"Кабель контрольный КВВГ 14х1,5","М",130,46.67,6067.1,"450045, г. Уфа, ПАО АНК \"Башнефть\" \"Башнефть-Новойл\""]
["Кабель контрольный с медной жилой","ПАО АНК \"Башнефть\" \"Башнефть-Новойл\"",6,156,"Кабель контрольный КВВГ 14х1,5","М",11002,62.95,692575.9,"450045, г. Уфа, ПАО АНК \"Башнефть\" \"Башнефть-Новойл\""]
["Кабель контрольный с медной жилой","ПАО АНК \"Башнефть\" \"Башнефть-Новойл\"",6,157,"Кабель контрольный КВВГ 19х1,5","М",85,78.7,6689.5,"450045, г. Уфа, ПАО АНК \"Башнефть\" \"Башнефть-Новойл\""]
["Кабель контрольный с медной жилой","ПАО АНК \"Башнефть\" \"Башнефть-Новойл\"",6,158,"Кабель контрольный КВВГ 19х1,5","М",83,78.7,6532.1,"450045, г. Уфа, ПАО АНК \"Башнефть\" \"Башнефть-Новойл\""]
["Кабель контрольный с медной жилой","ПАО АНК \"Башнефть\" \"Башнефть-Новойл\"",6,159,"Кабель контрольный КВВГ 19х1,5","М",3,82.89,248.67000000000002,"450045, г. Уфа, ПАО АНК \"Башнефть\" \"Башнефть-Новойл\""]
["Кабель контрольный с медной жилой","ПАО АНК \"Башнефть\" \"Башнефть-Новойл\"",6,160,"Кабель контрольный КВВГ 19х1,5","М",80,57.41,4592.7999999999993,"450045, г. Уфа, ПАО АНК \"Башнефть\" \"Башнефть-Новойл\""]
["Кабель контрольный с медной жилой","ПАО АНК \"Башнефть\" \"Башнефть-Новойл\"",6,161,"Кабель контрольный КВВГ 19х1,5","М",100,75.73,7573,"450045, г. Уфа, ПАО АНК \"Башнефть\" \"Башнефть-Новойл\""]
["Кабель контрольный с медной жилой","ПАО АНК \"Башнефть\" \"Башнефть-Новойл\"",6,162,"Кабель контрольный КВВГ 4х1,0","М",2759,10.119999999999999,27921.079999999998,"450045, г. Уфа, ПАО АНК \"Башнефть\" \"Башнефть-Новойл\""]
["Кабель контрольный с медной жилой","ПАО АНК \"Башнефть\" \"Башнефть-Новойл\"",6,163,"Кабель контрольный КВВГ 4х1,0","М",754,10.119999999999999,7630.48,"450045, г. Уфа, ПАО АНК \"Башнефть\" \"Башнефть-Новойл\""]
["Кабель контрольный с медной жилой","ПАО АНК \"Башнефть\" \"Башнефть-Новойл\"",6,164,"Кабель контрольный КВВГ 4х1,0","М",400,11.8,4720,"450045, г. Уфа, ПАО АНК \"Башнефть\" \"Башнефть-Новойл\""]
["Кабель контрольный с медной жилой","ПАО АНК \"Башнефть\" \"Башнефть-Новойл\"",6,165,"Кабель контрольный КВВГ 4х2,5","М",600,26.29,15774,"450045, г. Уфа, ПАО АНК \"Башнефть\" \"Башнефть-Новойл\""]
["Кабель контрольный с медной жилой","ПАО АНК \"Башнефть\" \"Башнефть-Новойл\"",6,166,"Кабель контрольный КВВГ 5х1,5","М",17,23.67,402.39000000000004,"450045, г. Уфа, ПАО АНК \"Башнефть\" \"Башнефть-Новойл\""]
["Кабель контрольный с медной жилой","ПАО АНК \"Башнефть\" \"Башнефть-Новойл\"",6,167,"Кабель контрольный КВВГЗ 4х2,5","М",285,22.24,6338.4,"450045, г. Уфа, ПАО АНК \"Башнефть\" \"Башнефть-Новойл\""]
["Кабель контрольный с медной жилой","ПАО АНК \"Башнефть\" \"Башнефть-Новойл\"",6,168,"Кабель контрольный КВВГЗ 7х1,5","М",324,25.88,8385.119999999999,"450045, г. Уфа, ПАО АНК \"Башнефть\" \"Башнефть-Новойл\""]
["Кабель контрольный с медной жилой","ПАО АНК \"Башнефть\" \"Башнефть-Новойл\"",6,169,"Кабель контрольный КВВГнг(А) 14х1,5","М",70,41.32,2892.4,"450045, г. Уфа, ПАО АНК \"Башнефть\" \"Башнефть-Новойл\""]
["Кабель контрольный с медной жилой","ПАО АНК \"Башнефть\" \"Башнефть-Новойл\"",6,170,"Кабель контрольный КВВГнг(А)-LS 19х1,0","М",30,60.72,1821.6,"450045, г. Уфа, ПАО АНК \"Башнефть\" \"Башнефть-Новойл\""]
["Кабель контрольный с медной жилой","ПАО АНК \"Башнефть\" \"Башнефть-Новойл\"",6,171,"Кабель контрольный КВВГнг(А)-LS 5х1,5","М",3,33.630000000000003,100.89000000000001,"450045, г. Уфа, ПАО АНК \"Башнефть\" \"Башнефть-Новойл\""]
["Кабель контрольный с медной жилой","ПАО АНК \"Башнефть\" \"Башнефть-Новойл\"",6,172,"Кабель контрольный КВВГЭ 10х1,0","М",102,35.880000000000003,3659.76,"450045, г. Уфа, ПАО АНК \"Башнефть\" \"Башнефть-Новойл\""]
["Кабель контрольный с медной жилой","ПАО АНК \"Башнефть\" \"Башнефть-Новойл\"",6,173,"Кабель контрольный КВВГЭ 10х1,5","М",118,51.7,6100.6,"450045, г. Уфа, ПАО АНК \"Башнефть\" \"Башнефть-Новойл\""]
["Кабель контрольный с медной жилой","ПАО АНК \"Башнефть\" \"Башнефть-Новойл\"",6,174,"Кабель контрольный КВВГЭ 14х1,0","М",30,54.34,{"$f":"G178*H178","v":1630.2},"450045, г. Уфа, ПАО АНК \"Башнефть\" \"Башнефть-Новойл\""]
["Кабель контрольный с медной жилой","ПАО АНК \"Башнефть\" \"Башнефть-Новойл\"",6,175,"Кабель контрольный КВВГЭ 14х1,5","М",250,62.1,15525,"450045, г. Уфа, ПАО АНК \"Башнефть\" \"Башнефть-Новойл\""]
["Кабель контрольный с медной жилой","ПАО АНК \"Башнефть\" \"Башнефть-Новойл\"",6,176,"Кабель контрольный КВВГЭ 14х1,5","М",45,62.1,2794.5,"450045, г. Уфа, ПАО АНК \"Башнефть\" \"Башнефть-Новойл\""]
["Кабель контрольный с медной жилой","ПАО АНК \"Башнефть\" \"Башнефть-Новойл\"",6,177,"Кабель контрольный КВВГЭ 19х1,0","М",996,63.78,63524.880000000005,"450045, г. Уфа, ПАО АНК \"Башнефть\" \"Башнефть-Новойл\""]
["Кабель контрольный с медной жилой","ПАО АНК \"Башнефть\" \"Башнефть-Новойл\"",6,178,"Кабель контрольный КВВГЭ 19х1,0","М",90,63.78,5740.2,"450045, г. Уфа, ПАО АНК \"Башнефть\" \"Башнефть-Новойл\""]
["Кабель контрольный с медной жилой","ПАО АНК \"Башнефть\" \"Башнефть-Новойл\"",6,179,"Кабель контрольный КВВГЭ 19х1,0","М",287,63.78,18304.86,"450045, г. Уфа, ПАО АНК \"Башнефть\" \"Башнефть-Новойл\""]
["Кабель контрольный с медной жилой","ПАО АНК \"Башнефть\" \"Башнефть-Новойл\"",6,180,"Кабель контрольный КВВГЭ 19х1,0","М",175,66.290000000000006,11600.750000000002,"450045, г. Уфа, ПАО АНК \"Башнефть\" \"Башнефть-Новойл\""]
["Кабель контрольный с медной жилой","ПАО АНК \"Башнефть\" \"Башнефть-Новойл\"",6,181,"Кабель контрольный КВВГЭ 19х1,5","М",100,94.39,9439,"450045, г. Уфа, ПАО АНК \"Башнефть\" \"Башнефть-Новойл\""]
["Кабель контрольный с медной жилой","ПАО АНК \"Башнефть\" \"Башнефть-Новойл\"",6,182,"Кабель контрольный КВВГЭ 27х1,0","М",20,99.49,1989.8,"450045, г. Уфа, ПАО АНК \"Башнефть\" \"Башнефть-Новойл\""]
["Кабель контрольный с медной жилой","ПАО АНК \"Башнефть\" \"Башнефть-Новойл\"",6,183,"Кабель контрольный КВВГЭ 27х1,5","М",55,81.23,4467.6500000000005,"450045, г. Уфа, ПАО АНК \"Башнефть\" \"Башнефть-Новойл\""]
["Кабель контрольный с медной жилой","ПАО АНК \"Башнефть\" \"Башнефть-Новойл\"",6,184,"Кабель контрольный КВВГЭ 4х2,5","М",84,31.75,2667,"450045, г. Уфа, ПАО АНК \"Башнефть\" \"Башнефть-Новойл\""]
["Кабель контрольный с медной жилой","ПАО АНК \"Башнефть\" \"Башнефть-Новойл\"",6,185,"Кабель контрольный КВВГЭ 7х1,5","М",140,30.19,4226.6000000000004,"450045, г. Уфа, ПАО АНК \"Башнефть\" \"Башнефть-Новойл\""]
["Кабель контрольный с медной жилой","ПАО АНК \"Башнефть\" \"Башнефть-Новойл\"",6,186,"Кабель контрольный КВВГЭнг 5х1,5","М",19,29.34,557.46,"450045, г. Уфа, ПАО АНК \"Башнефть\" \"Башнефть-Новойл\""]
["Кабель контрольный с медной жилой","ПАО АНК \"Башнефть\" \"Башнефть-Новойл\"",6,187,"Кабель контрольный КВВГЭнг 5х1,5","М",100,30.5,3050,"450045, г. Уфа, ПАО АНК \"Башнефть\" \"Башнефть-Новойл\""]
["Кабель контрольный с медной жилой","ПАО АНК \"Башнефть\" \"Башнефть-Новойл\"",6,188,"Кабель контрольный КВВГЭнг 5х1,5","М",40,29.34,1173.5999999999999,"450045, г. Уфа, ПАО АНК \"Башнефть\" \"Башнефть-Новойл\""]
["Кабель контрольный с медной жилой","ПАО АНК \"Башнефть\" \"Башнефть-Новойл\"",6,189,"Кабель контрольный КВВГЭнг 5х1,5","М",210,29.34,6161.4,"450045, г. Уфа, ПАО АНК \"Башнефть\" \"Башнефть-Новойл\""]
["Кабель контрольный с медной жилой","ПАО АНК \"Башнефть\" \"Башнефть-Новойл\"",6,190,"Кабель контрольный КВВГЭнг(А) 10х1,0","М",90,37.49,3374.1000000000004,"450045, г. Уфа, ПАО АНК \"Башнефть\" \"Башнефть-Новойл\""]
["Кабель контрольный с медной жилой","ПАО АНК \"Башнефть\" \"Башнефть-Новойл\"",6,191,"Кабель контрольный КВВГЭнг(А) 19х2,5","М",53,116.04,6150.12,"450045, г. Уфа, ПАО АНК \"Башнефть\" \"Башнефть-Новойл\""]
["Кабель контрольный с медной жилой","ПАО АНК \"Башнефть\" \"Башнефть-Новойл\"",6,192,"Кабель контрольный КВВГЭнг(А) 5х1,0","М",105,27.28,2864.4,"450045, г. Уфа, ПАО АНК \"Башнефть\" \"Башнефть-Новойл\""]
["Кабель контрольный с медной жилой","ПАО АНК \"Башнефть\" \"Башнефть-Новойл\"",6,193,"Кабель контрольный КВВГЭнг(А)-LS 14х1,5","М",10,51.31,513.1,"450045, г. Уфа, ПАО АНК \"Башнефть\" \"Башнефть-Новойл\""]
["Кабель контрольный с медной жилой","ПАО АНК \"Башнефть\" \"Башнефть-Новойл\"",6,194,"Кабель контрольный КВВГЭнг(А)-LS 14х1,5","М",50,51.31,2565.5,"450045, г. Уфа, ПАО АНК \"Башнефть\" \"Башнефть-Новойл\""]
["Кабель контрольный с медной жилой","ПАО АНК \"Башнефть\" \"Башнефть-Новойл\"",6,195,"Кабель контрольный КВВГЭнг(А)-LS 14х1,5","М",8,51.31,410.48,"450045, г. Уфа, ПАО АНК \"Башнефть\" \"Башнефть-Новойл\""]
["Кабель контрольный с медной жилой","ПАО АНК \"Башнефть\" \"Башнефть-Новойл\"",6,196,"Кабель контрольный КВВГЭнг(А)-LS 19х1,5","М",18,66.52,1197.3599999999999,"450045, г. Уфа, ПАО АНК \"Башнефть\" \"Башнефть-Новойл\""]
["Кабель контрольный с медной жилой","ПАО АНК \"Башнефть\" \"Башнефть-Новойл\"",6,197,"Кабель КППГнг(А)-FRHF 10х1,5-0,66","М",470,272.70999999999998,128173.7,"450045, г. Уфа, ПАО АНК \"Башнефть\" \"Башнефть-Новойл\""]
["Кабель контрольный с медной жилой","ПАО АНК \"Башнефть\" \"Башнефть-Новойл\"",6,198,"Кабель КППГнг(А)-FRHF 7х1,5ок-0,66","М",9,193.4,1740.6000000000001,"450045, г. Уфа, ПАО АНК \"Башнефть\" \"Башнефть-Новойл\""]
["Кабель контрольный с медной жилой","ПАО АНК \"Башнефть\" \"Башнефть-Новойл\"",6,199,"Кабель КППГнг-FRHF 10х1","М",50,885.08,44254,"450045, г. Уфа, ПАО АНК \"Башнефть\" \"Башнефть-Новойл\""]
["Кабель контрольный с медной жилой","ПАО АНК \"Башнефть\" \"Башнефть-Новойл\"",6,200,"Кабель КППГнг-FRHF 10х1","М",50,212.61,10630.5,"450045, г. Уфа, ПАО АНК \"Башнефть\" \"Башнефть-Новойл\""]
["Кабель контрольный с медной жилой","ПАО АНК \"Башнефть\" \"Башнефть-Новойл\"",6,201,"Кабель КППГнг-FRHF 4х1","М",50,619.55999999999995,30977.999999999996,"450045, г. Уфа, ПАО АНК \"Башнефть\" \"Башнефть-Новойл\""]
["Кабель контрольный с медной жилой","ПАО АНК \"Башнефть\" \"Башнефть-Новойл\"",6,202,"Кабель КППГнг-FRHF 4х1","М",50,110.93,5546.5,"450045, г. Уфа, ПАО АНК \"Башнефть\" \"Башнефть-Новойл\""]
["Кабель контрольный с медной жилой","ПАО АНК \"Башнефть\" \"Башнефть-Новойл\"",6,203,"Кабель КППГнг-FRHF 4х1,5","М",25,120.17,3004.25,"450045, г. Уфа, ПАО АНК \"Башнефть\" \"Башнефть-Новойл\""]
["Кабель контрольный с медной жилой","ПАО АНК \"Башнефть\" \"Башнефть-Новойл\"",6,204,"Кабель КППГнг-FRHF 4х1,5","М",23,752.32,17303.36,"450045, г. Уфа, ПАО АНК \"Башнефть\" \"Башнефть-Новойл\""]
["Кабель контрольный с медной жилой","ПАО АНК \"Башнефть\" \"Башнефть-Новойл\"",6,205,"Кабель КППГнг-FRHF 5х1,5","М",176,205.33,36138.080000000002,"450045, г. Уфа, ПАО АНК \"Башнефть\" \"Башнефть-Новойл\""]
["Кабель контрольный с медной жилой","ПАО АНК \"Башнефть\" \"Башнефть-Новойл\"",6,206,"Кабель КППГнг-HF 10х1","М",80,332.02,26561.599999999999,"450045, г. Уфа, ПАО АНК \"Башнефть\" \"Башнефть-Новойл\""]
["Кабель контрольный с медной жилой","ПАО АНК \"Башнефть\" \"Башнефть-Новойл\"",6,207,"Кабель КППГнг-HF 14х1","М",80,426.88,34150.400000000001,"450045, г. Уфа, ПАО АНК \"Башнефть\" \"Башнефть-Новойл\""]
["Кабель контрольный с медной жилой","ПАО АНК \"Башнефть\" \"Башнефть-Новойл\"",6,208,"Кабель КППГнг-HF 19х1","М",80,569.16999999999996,45533.599999999999,"450045, г. Уфа, ПАО АНК \"Башнефть\" \"Башнефть-Новойл\""]
["Кабель контрольный с медной жилой","ПАО АНК \"Башнефть\" \"Башнефть-Новойл\"",6,209,"Кабель КППГнг-HF 7х1,5","М",300,132.81,39843,"450045, г. Уфа, ПАО АНК \"Башнефть\" \"Башнефть-Новойл\""]
["Кабель контрольный с медной жилой","ПАО АНК \"Башнефть\" \"Башнефть-Новойл\"",6,210,"Кабель КППГЭнг-HF 4х1","М",80,227.67,18213.599999999999,"450045, г. Уфа, ПАО АНК \"Башнефть\" \"Башнефть-Новойл\""]
["Кабель силовой с алюминиевой жилой","ПАО АНК \"Башнефть\" \"Башнефть-Новойл\"",7,211,"Кабель АВБбШв 4х240-1","М",240,378.39,90813.599999999991,"450045, г. Уфа, ПАО АНК \"Башнефть\" \"Башнефть-Новойл\""]
["Кабель силовой с алюминиевой жилой","ПАО АНК \"Башнефть\" \"Башнефть-Новойл\"",7,212,"Кабель АВБбШвнг-LS 4х50-0,66","М",20,177.88,3557.6,"450045, г. Уфа, ПАО АНК \"Башнефть\" \"Башнефть-Новойл\""]
["Кабель силовой с алюминиевой жилой","ПАО АНК \"Башнефть\" \"Башнефть-Новойл\"",7,213,"Кабель АВБШвнг(A)-LS 3х150ос-6","М",308,332.43,102388.44,"450045, г. Уфа, ПАО АНК \"Башнефть\" \"Башнефть-Новойл\""]
["Кабель силовой с алюминиевой жилой","ПАО АНК \"Башнефть\" \"Башнефть-Новойл\"",7,214,"Кабель АВВГ 2х25-0,66","М",230,33.799999999999997,7773.9999999999991,"450045, г. Уфа, ПАО АНК \"Башнефть\" \"Башнефть-Новойл\""]
["Кабель силовой с алюминиевой жилой","ПАО АНК \"Башнефть\" \"Башнефть-Новойл\"",7,215,"Кабель АВВГ 3х2,5-0,66","М",70,5.33,373.1,"450045, г. Уфа, ПАО АНК \"Башнефть\" \"Башнефть-Новойл\""]
["Кабель силовой с алюминиевой жилой","ПАО АНК \"Башнефть\" \"Башнефть-Новойл\"",7,216,"Кабель АВВГ 3х2,5-0,66","М",39,5.33,207.87,"450045, г. Уфа, ПАО АНК \"Башнефть\" \"Башнефть-Новойл\""]
["Кабель силовой с алюминиевой жилой","ПАО АНК \"Башнефть\" \"Башнефть-Новойл\"",7,217,"Кабель АВВГ 3х2,5-0,66","М",70,5.13,359.09999999999997,"450045, г. Уфа, ПАО АНК \"Башнефть\" \"Башнефть-Новойл\""]
["Кабель силовой с алюминиевой жилой","ПАО АНК \"Башнефть\" \"Башнефть-Новойл\"",7,218,"Кабель АВВГ 3х2,5-1","М",100,5.34,534,"450045, г. Уфа, ПАО АНК \"Башнефть\" \"Башнефть-Новойл\""]
["Кабель силовой с алюминиевой жилой","ПАО АНК \"Башнефть\" \"Башнефть-Новойл\"",7,219,"Кабель АВВГ 4х185(ож)-1","М",194,259.92,50424.480000000003,"450045, г. Уфа, ПАО АНК \"Башнефть\" \"Башнефть-Новойл\""]
["Кабель силовой с алюминиевой жилой","ПАО АНК \"Башнефть\" \"Башнефть-Новойл\"",7,220,"Кабель АВВГ 4х2,5-0,66","М",55,7.81,429.54999999999995,"450045, г. Уфа, ПАО АНК \"Башнефть\" \"Башнефть-Новойл\""]
["Кабель силовой с алюминиевой жилой","ПАО АНК \"Башнефть\" \"Башнефть-Новойл\"",7,221,"Кабель АВВГ 4х4-0,66","М",90,9.19,827.09999999999991,"450045, г. Уфа, ПАО АНК \"Башнефть\" \"Башнефть-Новойл\""]
["Кабель силовой с алюминиевой жилой","ПАО АНК \"Башнефть\" \"Башнефть-Новойл\"",7,222,"Кабель АВВГ 4х4-0,66","М",33,9.19,303.27,"450045, г. Уфа, ПАО АНК \"Башнефть\" \"Башнефть-Новойл\""]
["Кабель силовой с алюминиевой жилой","ПАО АНК \"Башнефть\" \"Башнефть-Новойл\"",7,223,"Кабель АВВГ 4х6-0.66","М",38,12.46,473.48,"450045, г. Уфа, ПАО АНК \"Башнефть\" \"Башнефть-Новойл\""]
["Кабель силовой с алюминиевой жилой","ПАО АНК \"Башнефть\" \"Башнефть-Новойл\"",7,224,"Кабель АВВГзнг 3х2.5-0.66","М",45,9.92,446.4,"450045, г. Уфа, ПАО АНК \"Башнефть\" \"Башнефть-Новойл\""]
["Кабель силовой с алюминиевой жилой","ПАО АНК \"Башнефть\" \"Башнефть-Новойл\"",7,225,"Кабель АПвБВнг(A)-LS 3х150-10","М",421,692.45,291521.45,"450045, г. Уфа, ПАО АНК \"Башнефть\" \"Башнефть-Новойл\""]
["Кабель силовой с алюминиевой жилой","ПАО АНК \"Башнефть\" \"Башнефть-Новойл\"",7,226,"Кабель АСБГ 3х120-1","М",170,373.3,63461,"450045, г. Уфа, ПАО АНК \"Башнефть\" \"Башнефть-Новойл\""]
["Кабель силовой с алюминиевой жилой","ПАО АНК \"Башнефть\" \"Башнефть-Новойл\"",7,227,"Кабель силовой АВБбШв 3х185+1х95-1,0","М",63,235.73,14850.99,"450045, г. Уфа, ПАО АНК \"Башнефть\" \"Башнефть-Новойл\""]
["Кабель силовой с алюминиевой жилой","ПАО АНК \"Башнефть\" \"Башнефть-Новойл\"",7,228,"Кабель силовой АВБбШв 4х16-0,66","М",12,76.489999999999995,917.87999999999988,"450045, г. Уфа, ПАО АНК \"Башнефть\" \"Башнефть-Новойл\""]
["Кабель силовой с алюминиевой жилой","ПАО АНК \"Башнефть\" \"Башнефть-Новойл\"",7,229,"Кабель силовой АВБбШв 4х16-0,66","М",23,50.7,1166.1000000000001,"450045, г. Уфа, ПАО АНК \"Башнефть\" \"Башнефть-Новойл\""]
["Кабель силовой с алюминиевой жилой","ПАО АНК \"Башнефть\" \"Башнефть-Новойл\"",7,230,"Кабель силовой АВБбШв 4х4-0,66","М",60,33.630000000000003,2017.8000000000002,"450045, г. Уфа, ПАО АНК \"Башнефть\" \"Башнефть-Новойл\""]
["Кабель силовой с алюминиевой жилой","ПАО АНК \"Башнефть\" \"Башнефть-Новойл\"",7,231,"Кабель силовой АВБбШв 4х70-1,0","М",59,130.83000000000001,7718.9700000000012,"450045, г. Уфа, ПАО АНК \"Башнефть\" \"Башнефть-Новойл\""]
["Кабель силовой с алюминиевой жилой","ПАО АНК \"Башнефть\" \"Башнефть-Новойл\"",7,232,"Кабель силовой АВВГ 2х6-1,0","М",150,14.06,2109,"450045, г. Уфа, ПАО АНК \"Башнефть\" \"Башнефть-Новойл\""]
["Кабель силовой с алюминиевой жилой","ПАО АНК \"Башнефть\" \"Башнефть-Новойл\"",7,233,"Кабель силовой АВВГ 4х120-1,0","М",90,184.29,16586.099999999999,"450045, г. Уфа, ПАО АНК \"Башнефть\" \"Башнефть-Новойл\""]
["Кабель силовой с алюминиевой жилой","ПАО АНК \"Башнефть\" \"Башнефть-Новойл\"",7,234,"Кабель силовой АВВГ 4х120-1,0","М",85,168.37,14311.45,"450045, г. Уфа, ПАО АНК \"Башнефть\" \"Башнефть-Новойл\""]
["Кабель силовой с алюминиевой жилой","ПАО АНК \"Башнефть\" \"Башнефть-Новойл\"",7,235,"Кабель силовой АВВГ 4х120-1,0","М",124,174.99,21698.760000000002,"450045, г. Уфа, ПАО АНК \"Башнефть\" \"Башнефть-Новойл\""]
["Кабель силовой с алюминиевой жилой","ПАО АНК \"Башнефть\" \"Башнефть-Новойл\"",7,236,"Кабель силовой АВВГ 4х150-1,0","М",5,200.71,1003.5500000000001,"450045, г. Уфа, ПАО АНК \"Башнефть\" \"Башнефть-Новойл\""]
["Кабель силовой с алюминиевой жилой","ПАО АНК \"Башнефть\" \"Башнефть-Новойл\"",7,237,"Кабель силовой АВВГ 4х50-1,0","М",36,77.599999999999994,2793.6,"450045, г. Уфа, ПАО АНК \"Башнефть\" \"Башнефть-Новойл\""]
["Кабель силовой с алюминиевой жилой","ПАО АНК \"Башнефть\" \"Башнефть-Новойл\"",7,238,"Кабель силовой АВВГ 4х50-1,0","М",100,80.66,{"$f":"G242*H242","v":8066},"450045, г. Уфа, ПАО АНК \"Башнефть\" \"Башнефть-Новойл\""]
["Кабель силовой с алюминиевой жилой","ПАО АНК \"Башнефть\" \"Башнефть-Новойл\"",7,239,"Кабель силовой АВВГ 4х70-1,0","М",12,104.18,1250.1600000000001,"450045, г. Уфа, ПАО АНК \"Башнефть\" \"Башнефть-Новойл\""]
["Кабель силовой с алюминиевой жилой","ПАО АНК \"Башнефть\" \"Башнефть-Новойл\"",7,240,"Кабель силовой АВВГ 5х25-0,66","М",180,62.39,11230.2,"450045, г. Уфа, ПАО АНК \"Башнефть\" \"Башнефть-Новойл\""]
["Кабель силовой с медной жилой","ПАО АНК \"Башнефть\" \"Башнефть-Новойл\"",8,241,"Кабель ВБбШв 2х50-1","М",200,424.93,84986,"450045, г. Уфа, ПАО АНК \"Башнефть\" \"Башнефть-Новойл\""]
["Кабель силовой с медной жилой","ПАО АНК \"Башнефть\" \"Башнефть-Новойл\"",8,242,"Кабель ВБбШв 3х4-0,66","М",120,44.72,5366.4,"450045, г. Уфа, ПАО АНК \"Башнефть\" \"Башнефть-Новойл\""]
["Кабель силовой с медной жилой","ПАО АНК \"Башнефть\" \"Башнефть-Новойл\"",8,243,"Кабель ВБбШв 3х95-6","М",29,829.67,24060.43,"450045, г. Уфа, ПАО АНК \"Башнефть\" \"Башнефть-Новойл\""]
["Кабель силовой с медной жилой","ПАО АНК \"Башнефть\" \"Башнефть-Новойл\"",8,244,"Кабель ВБбШВз 3х1,5-1","М",20,31.34,626.79999999999995,"450045, г. Уфа, ПАО АНК \"Башнефть\" \"Башнефть-Новойл\""]
["Кабель силовой с медной жилой","ПАО АНК \"Башнефть\" \"Башнефть-Новойл\"",8,245,"Кабель ВБбШВз 3х4-0.66","М",11,74.45,818.95,"450045, г. Уфа, ПАО АНК \"Башнефть\" \"Башнефть-Новойл\""]
["Кабель силовой с медной жилой","ПАО АНК \"Башнефть\" \"Башнефть-Новойл\"",8,246,"Кабель ВБбШвнг 3х10-0,66","М",22,94.01,2068.2200000000003,"450045, г. Уфа, ПАО АНК \"Башнефть\" \"Башнефть-Новойл\""]
["Кабель силовой с медной жилой","ПАО АНК \"Башнефть\" \"Башнефть-Новойл\"",8,247,"Кабель ВБбШвнг 3х16-0,66","М",40,142.19,5687.6,"450045, г. Уфа, ПАО АНК \"Башнефть\" \"Башнефть-Новойл\""]
["Кабель силовой с медной жилой","ПАО АНК \"Башнефть\" \"Башнефть-Новойл\"",8,248,"Кабель ВБбШвнг 3х6","М",59,62.14,3666.26,"450045, г. Уфа, ПАО АНК \"Башнефть\" \"Башнефть-Новойл\""]
["Кабель силовой с медной жилой","ПАО АНК \"Башнефть\" \"Башнефть-Новойл\"",8,249,"Кабель ВБбШвнг 4х1,5-0,66","М",13,54.89,713.57,"450045, г. Уфа, ПАО АНК \"Башнефть\" \"Башнефть-Новойл\""]
["Кабель силовой с медной жилой","ПАО АНК \"Башнефть\" \"Башнефть-Новойл\"",8,250,"Кабель ВБбШвнг(A) 3х10ок-1,0","М",297,88.52,26290.44,"450045, г. Уфа, ПАО АНК \"Башнефть\" \"Башнефть-Новойл\""]
["Кабель силовой с медной жилой","ПАО АНК \"Башнефть\" \"Башнефть-Новойл\"",8,251,"Кабель ВБбШвнг(A) 3х10ок-1,0","М",50,93.22,4661,"450045, г. Уфа, ПАО АНК \"Башнефть\" \"Башнефть-Новойл\""]
["Кабель силовой с медной жилой","ПАО АНК \"Башнефть\" \"Башнефть-Новойл\"",8,252,"Кабель ВБбШвнг(A)-LS 3х6-1,0","М",180,63.14,11365.2,"450045, г. Уфа, ПАО АНК \"Башнефть\" \"Башнефть-Новойл\""]
["Кабель силовой с медной жилой","ПАО АНК \"Башнефть\" \"Башнефть-Новойл\"",8,253,"Кабель ВБбШвнг-LS 2х2.5-0.66","М",18,26.13,470.34,"450045, г. Уфа, ПАО АНК \"Башнефть\" \"Башнефть-Новойл\""]
["Кабель силовой с медной жилой","ПАО АНК \"Башнефть\" \"Башнефть-Новойл\"",8,254,"Кабель ВБбШнг 4х10-0,66","М",10,119.92,1199.2,"450045, г. Уфа, ПАО АНК \"Башнефть\" \"Башнефть-Новойл\""]
["Кабель силовой с медной жилой","ПАО АНК \"Башнефть\" \"Башнефть-Новойл\"",8,255,"Кабель ВБШвнг(A) 3х1,5ок-0,66","М",7,24.81,173.67,"450045, г. Уфа, ПАО АНК \"Башнефть\" \"Башнефть-Новойл\""]
["Кабель силовой с медной жилой","ПАО АНК \"Башнефть\" \"Башнефть-Новойл\"",8,256,"Кабель ВБШвнг(A)-LS 3х16ок-1","М",8,104.35,834.8,"450045, г. Уфа, ПАО АНК \"Башнефть\" \"Башнефть-Новойл\""]
["Кабель силовой с медной жилой","ПАО АНК \"Башнефть\" \"Башнефть-Новойл\"",8,257,"Кабель ВБШвнг(A)-LS 5х50мк(N,PE)-0,66","М",25,537.52,13438,"450045, г. Уфа, ПАО АНК \"Башнефть\" \"Башнефть-Новойл\""]
["Кабель силовой с медной жилой","ПАО АНК \"Башнефть\" \"Башнефть-Новойл\"",8,258,"Кабель ВВГ 2х2,5-0,66","М",15,12.52,187.79999999999998,"450045, г. Уфа, ПАО АНК \"Башнефть\" \"Башнефть-Новойл\""]
["Кабель силовой с медной жилой","ПАО АНК \"Башнефть\" \"Башнефть-Новойл\"",8,259,"Кабель ВВГ 5х1,5-0,66","М",86,20.69,1779.3400000000001,"450045, г. Уфа, ПАО АНК \"Башнефть\" \"Башнефть-Новойл\""]
["Кабель силовой с медной жилой","ПАО АНК \"Башнефть\" \"Башнефть-Новойл\"",8,260,"Кабель ВВГзнг 2х1.5-0.66","М",15,10,150,"450045, г. Уфа, ПАО АНК \"Башнефть\" \"Башнефть-Новойл\""]
["Кабель силовой с медной жилой","ПАО АНК \"Башнефть\" \"Башнефть-Новойл\"",8,261,"Кабель ВВГзнг 2х4-0.66","М",160,36.17,5787.2000000000007,"450045, г. Уфа, ПАО АНК \"Башнефть\" \"Башнефть-Новойл\""]
["Кабель силовой с медной жилой","ПАО АНК \"Башнефть\" \"Башнефть-Новойл\"",8,262,"Кабель ВВГнг 1х1.5-0,66","М",15,5.17,77.55,"450045, г. Уфа, ПАО АНК \"Башнефть\" \"Башнефть-Новойл\""]
["Кабель силовой с медной жилой","ПАО АНК \"Башнефть\" \"Башнефть-Новойл\"",8,263,"Кабель ВВГнг 3х70-6","М",30,880.53,26415.899999999998,"450045, г. Уфа, ПАО АНК \"Башнефть\" \"Башнефть-Новойл\""]
["Кабель силовой с медной жилой","ПАО АНК \"Башнефть\" \"Башнефть-Новойл\"",8,264,"Кабель ВВГнг 4х185-1","М",10,1855.5,18555,"450045, г. Уфа, ПАО АНК \"Башнефть\" \"Башнефть-Новойл\""]
["Кабель силовой с медной жилой","ПАО АНК \"Башнефть\" \"Башнефть-Новойл\"",8,265,"Кабель ВВГнг(A) 3х50-6","М",103,587.02,60463.06,"450045, г. Уфа, ПАО АНК \"Башнефть\" \"Башнефть-Новойл\""]
["Кабель силовой с медной жилой","ПАО АНК \"Башнефть\" \"Башнефть-Новойл\"",8,266,"Кабель ВВГнг(A)-LS 2х1,5-0,66","М",15,13.88,208.20000000000002,"450045, г. Уфа, ПАО АНК \"Башнефть\" \"Башнефть-Новойл\""]
["Кабель силовой с медной жилой","ПАО АНК \"Башнефть\" \"Башнефть-Новойл\"",8,267,"Кабель ВВГнг(A)-LS 4х1,5-0,66","М",2,26.32,52.64,"450045, г. Уфа, ПАО АНК \"Башнефть\" \"Башнефть-Новойл\""]
["Кабель силовой с медной жилой","ПАО АНК \"Башнефть\" \"Башнефть-Новойл\"",8,268,"Кабель ВВГнг-LS 2х2.5-1","М",10,12.43,124.3,"450045, г. Уфа, ПАО АНК \"Башнефть\" \"Башнефть-Новойл\""]
["Кабель силовой с медной жилой","ПАО АНК \"Башнефть\" \"Башнефть-Новойл\"",8,269,"Кабель ВВГнг-LS 3х16-0,66","М",20,183.61,3672.2000000000003,"450045, г. Уфа, ПАО АНК \"Башнефть\" \"Башнефть-Новойл\""]
["Кабель силовой с медной жилой","ПАО АНК \"Башнефть\" \"Башнефть-Новойл\"",8,270,"Кабель ВВГнг-LS 4х120-1","М",10,1002,10020,"450045, г. Уфа, ПАО АНК \"Башнефть\" \"Башнефть-Новойл\""]
["Кабель силовой с медной жилой","ПАО АНК \"Башнефть\" \"Башнефть-Новойл\"",8,271,"Кабель ВВГнг-LS 5х4-0,66","М",9,68.2,613.80000000000007,"450045, г. Уфа, ПАО АНК \"Башнефть\" \"Башнефть-Новойл\""]
["Кабель силовой с медной жилой","ПАО АНК \"Башнефть\" \"Башнефть-Новойл\"",8,272,"Кабель ВВГнг-LS 5х6-0,66","М",10,67.94,679.4,"450045, г. Уфа, ПАО АНК \"Башнефть\" \"Башнефть-Новойл\""]
["Кабель силовой с медной жилой","ПАО АНК \"Башнефть\" \"Башнефть-Новойл\"",8,273,"Кабель КУСИЛнг-HF ПБ 4х2,5ок-1","М",24,344.25,8262,"450045, г. Уфа, ПАО АНК \"Башнефть\" \"Башнефть-Новойл\""]
["Кабель силовой с медной жилой","ПАО АНК \"Башнефть\" \"Башнефть-Новойл\"",8,274,"Кабель КУСИЛнг-HF ПБ 5х35ок-1","М",46,5147.45,236782.69999999998,"450045, г. Уфа, ПАО АНК \"Башнефть\" \"Башнефть-Новойл\""]
["Кабель силовой с медной жилой","ПАО АНК \"Башнефть\" \"Башнефть-Новойл\"",8,275,"Кабель ПвБВнг(A)-LS 3х240-10","М",195,2163.0500000000002,421794.75000000006,"450045, г. Уфа, ПАО АНК \"Башнефть\" \"Башнефть-Новойл\""]
["Кабель силовой с медной жилой","ПАО АНК \"Башнефть\" \"Башнефть-Новойл\"",8,276,"Кабель ПвБВнг(A)-LS 3х240-10","М",20,2163.0500000000002,43261,"450045, г. Уфа, ПАО АНК \"Башнефть\" \"Башнефть-Новойл\""]
["Кабель силовой с медной жилой","ПАО АНК \"Башнефть\" \"Башнефть-Новойл\"",8,277,"Кабель ППГнг-HF 2х1,5-0,66","М",225,119.28,26838,"450045, г. Уфа, ПАО АНК \"Башнефть\" \"Башнефть-Новойл\""]
["Кабель силовой с медной жилой","ПАО АНК \"Башнефть\" \"Башнефть-Новойл\"",8,278,"Кабель ППГнг-HF 3х2,5-0,66","М",25,73.989999999999995,1849.7499999999998,"450045, г. Уфа, ПАО АНК \"Башнефть\" \"Башнефть-Новойл\""]
["Кабель силовой с медной жилой","ПАО АНК \"Башнефть\" \"Башнефть-Новойл\"",8,279,"Кабель ППГнг-HF 3х2,5-0,66","М",35,73.989999999999995,2589.6499999999996,"450045, г. Уфа, ПАО АНК \"Башнефть\" \"Башнефть-Новойл\""]
["Кабель силовой с медной жилой","ПАО АНК \"Башнефть\" \"Башнефть-Новойл\"",8,280,"Кабель ППГнг-HF 3х4-0,66","М",40,330.5,13220,"450045, г. Уфа, ПАО АНК \"Башнефть\" \"Башнефть-Новойл\""]
["Кабель силовой с медной жилой","ПАО АНК \"Башнефть\" \"Башнефть-Новойл\"",8,281,"Кабель ППГнг-HF 4х1,5-0,66","М",289,66.59,19244.510000000002,"450045, г. Уфа, ПАО АНК \"Башнефть\" \"Башнефть-Новойл\""]
["Кабель силовой с медной жилой","ПАО АНК \"Башнефть\" \"Башнефть-Новойл\"",8,282,"Кабель ППГнг-HF 4х1,5-0,66","М",160,92.29,14766.400000000001,"450045, г. Уфа, ПАО АНК \"Башнефть\" \"Башнефть-Новойл\""]
["Кабель силовой с медной жилой","ПАО АНК \"Башнефть\" \"Башнефть-Новойл\"",8,283,"Кабель ППГнг-HF 5х1.5-0,66","М",55,89.7,4933.5,"450045, г. Уфа, ПАО АНК \"Башнефть\" \"Башнефть-Новойл\""]
["Кабель силовой с медной жилой","ПАО АНК \"Башнефть\" \"Башнефть-Новойл\"",8,284,"Кабель ППГнг-HF 5х1.5-0,66","М",90,86.2,7758,"450045, г. Уфа, ПАО АНК \"Башнефть\" \"Башнефть-Новойл\""]
["Кабель силовой с медной жилой","ПАО АНК \"Башнефть\" \"Башнефть-Новойл\"",8,285,"Кабель ППГнг-HF 5х50-0,66","М",140,5959.11,834275.39999999991,"450045, г. Уфа, ПАО АНК \"Башнефть\" \"Башнефть-Новойл\""]
["Кабель силовой с медной жилой","ПАО АНК \"Башнефть\" \"Башнефть-Новойл\"",8,286,"Кабель ППГнг-HF 5х50-1","М",150,1423.1,213465,"450045, г. Уфа, ПАО АНК \"Башнефть\" \"Башнефть-Новойл\""]
["Кабель силовой с медной жилой","ПАО АНК \"Башнефть\" \"Башнефть-Новойл\"",8,287,"Кабель ППГнг-HF 5х6-0,66","М",25,480.66,12016.5,"450045, г. Уфа, ПАО АНК \"Башнефть\" \"Башнефть-Новойл\""]
["Кабель силовой с медной жилой","ПАО АНК \"Башнефть\" \"Башнефть-Новойл\"",8,288,"Кабель РвКПнг(A)-HF 3х185/25-6","М",51,2914.05,148616.55000000002,"450045, г. Уфа, ПАО АНК \"Башнефть\" \"Башнефть-Новойл\""]
["Кабель силовой с медной жилой","ПАО АНК \"Башнефть\" \"Башнефть-Новойл\"",8,289,"Кабель силовой ВБбШв 3х35-6,0","М",50,295.97000000000003,14798.500000000002,"450045, г. Уфа, ПАО АНК \"Башнефть\" \"Башнефть-Новойл\""]
["Кабель силовой с медной жилой","ПАО АНК \"Башнефть\" \"Башнефть-Новойл\"",8,290,"Кабель силовой ВБбШв 3х35-6,0","М",56,295.97000000000003,16574.32,"450045, г. Уфа, ПАО АНК \"Башнефть\" \"Башнефть-Новойл\""]
["Кабель силовой с медной жилой","ПАО АНК \"Башнефть\" \"Башнефть-Новойл\"",8,291,"Кабель силовой ВБбШв 3х4-1,0","М",263,51.95,13662.85,"450045, г. Уфа, ПАО АНК \"Башнефть\" \"Башнефть-Новойл\""]
["Кабель силовой с медной жилой","ПАО АНК \"Башнефть\" \"Башнефть-Новойл\"",8,292,"Кабель силовой ВБбШвнг 5х35-0,66","М",115,570.42999999999995,65599.45,"450045, г. Уфа, ПАО АНК \"Башнефть\" \"Башнефть-Новойл\""]
["Кабель силовой с медной жилой","ПАО АНК \"Башнефть\" \"Башнефть-Новойл\"",8,293,"Кабель силовой ВВГ 3х25-0,66","М",300,241.92,72576,"450045, г. Уфа, ПАО АНК \"Башнефть\" \"Башнефть-Новойл\""]
["Кабель силовой с медной жилой","ПАО АНК \"Башнефть\" \"Башнефть-Новойл\"",8,294,"Кабель силовой ВВГ 4х70-1,0","М",16,798.91,12782.56,"450045, г. Уфа, ПАО АНК \"Башнефть\" \"Башнефть-Новойл\""]
["Кабель силовой с медной жилой","ПАО АНК \"Башнефть\" \"Башнефть-Новойл\"",8,295,"Кабель силовой ВВГз 2х2,5-0,66","М",20,19.04,380.79999999999995,"450045, г. Уфа, ПАО АНК \"Башнефть\" \"Башнефть-Новойл\""]
["Кабель силовой с медной жилой","ПАО АНК \"Башнефть\" \"Башнефть-Новойл\"",8,296,"Кабель силовой ВВГз 2х2,5-0,66","М",693,19.04,13194.72,"450045, г. Уфа, ПАО АНК \"Башнефть\" \"Башнефть-Новойл\""]
["Кабель силовой с медной жилой","ПАО АНК \"Башнефть\" \"Башнефть-Новойл\"",8,297,"Кабель силовой ВВГз 4х10-0,66","М",11,102.43,1126.73,"450045, г. Уфа, ПАО АНК \"Башнефть\" \"Башнефть-Новойл\""]
["Кабель силовой с медной жилой","ПАО АНК \"Башнефть\" \"Башнефть-Новойл\"",8,298,"Кабель силовой ВВГз 5х25(ож)-0,66","М",15,50.28,754.2,"450045, г. Уфа, ПАО АНК \"Башнефть\" \"Башнефть-Новойл\""]
["Кабель, провод монтажный","ПАО АНК \"Башнефть\" \"Башнефть-Новойл\"",9,299,"Кабель КПМВЭБлВмнг(A)-LS 2х2х1,5","М",50,158.24,7912,"450045, г. Уфа, ПАО АНК \"Башнефть\" \"Башнефть-Новойл\""]
["Кабель, провод монтажный","ПАО АНК \"Башнефть\" \"Башнефть-Новойл\"",9,300,"Кабель КПМВЭВГ 5х2х1,5","М",390,98.83,38543.699999999997,"450045, г. Уфа, ПАО АНК \"Башнефть\" \"Башнефть-Новойл\""]
["Кабель, провод монтажный","ПАО АНК \"Башнефть\" \"Башнефть-Новойл\"",9,301,"Кабель КПМВЭВГ 5х2х1,5","М",665,98.83,65721.95,"450045, г. Уфа, ПАО АНК \"Башнефть\" \"Башнефть-Новойл\""]
["Кабель, провод монтажный","ПАО АНК \"Башнефть\" \"Башнефть-Новойл\"",9,302,"Кабель КПМВЭВГ 7х2х1,5","М",260,141.97999999999999,{"$f":"G306*H306","v":36914.799999999996},"450045, г. Уфа, ПАО АНК \"Башнефть\" \"Башнефть-Новойл\""]
["Кабель, провод монтажный","ПАО АНК \"Башнефть\" \"Башнефть-Новойл\"",9,303,"Кабель КПМВЭВм-в-знг(А)-LS 4х2х0,2","М",420,96.28,40437.599999999999,"450045, г. Уфа, ПАО АНК \"Башнефть\" \"Башнефть-Новойл\""]
["Кабель, провод монтажный","ПАО АНК \"Башнефть\" \"Башнефть-Новойл\"",9,304,"Кабель КПМВЭВм-в-знг(А)-LS 4х2х0,2","М",55,96.28,5295.4,"450045, г. Уфа, ПАО АНК \"Башнефть\" \"Башнефть-Новойл\""]
["Кабель, провод монтажный","ПАО АНК \"Башнефть\" \"Башнефть-Новойл\"",9,305,"Кабель КПМВЭВм-в-знг(А)-LS 4х2х0,2","М",55,96.28,5295.4,"450045, г. Уфа, ПАО АНК \"Башнефть\" \"Башнефть-Новойл\""]
["Кабель, провод монтажный","ПАО АНК \"Башнефть\" \"Башнефть-Новойл\"",9,306,"Кабель КПМВЭКВГ-внг(А)-LS-ХЛ 2х2х1,0","М",45,70.069999999999993,3153.1499999999996,"450045, г. Уфа, ПАО АНК \"Башнефть\" \"Башнефть-Новойл\""]
["Кабель, провод монтажный","ПАО АНК \"Башнефть\" \"Башнефть-Новойл\"",9,307,"Кабель КПМСПГм-взнг(А)-FRHF 1х2х1","М",60,104.18,6250.8,"450045, г. Уфа, ПАО АНК \"Башнефть\" \"Башнефть-Новойл\""]
["Кабель, провод монтажный","ПАО АНК \"Башнефть\" \"Башнефть-Новойл\"",9,308,"Кабель КПМСПГм-внг(А)-FRHF 1х2х0,5","М",58,47.52,2756.1600000000003,"450045, г. Уфа, ПАО АНК \"Башнефть\" \"Башнефть-Новойл\""]
["Кабель, провод монтажный","ПАО АНК \"Башнефть\" \"Башнефть-Новойл\"",9,309,"Кабель КПМСПГм-внг(А)-FRHF 1х2х1","М",203,58.51,11877.529999999999,"450045, г. Уфа, ПАО АНК \"Башнефть\" \"Башнефть-Новойл\""]
["Кабель, провод монтажный","ПАО АНК \"Башнефть\" \"Башнефть-Новойл\"",9,310,"Кабель КПМСПГм-внг(А)-FRHF 1х2х1,5","М",515,79.930000000000007,41163.950000000004,"450045, г. Уфа, ПАО АНК \"Башнефть\" \"Башнефть-Новойл\""]
["Кабель, провод монтажный","ПАО АНК \"Башнефть\" \"Башнефть-Новойл\"",9,311,"Кабель КПМСПГм-внг(А)-FRHF 8х2х0,5","М",35,306.86,10740.1,"450045, г. Уфа, ПАО АНК \"Башнефть\" \"Башнефть-Новойл\""]
["Кабель, провод монтажный","ПАО АНК \"Башнефть\" \"Башнефть-Новойл\"",9,312,"Кабель КПМСЭфИПГм-внг(А)-FRHF 10х2х0,5","М",327,567.74,185650.98,"450045, г. Уфа, ПАО АНК \"Башнефть\" \"Башнефть-Новойл\""]
["Кабель, провод монтажный","ПАО АНК \"Башнефть\" \"Башнефть-Новойл\"",9,313,"Кабель КПМСЭфИПГм-внг(А)-FRHF 14х2х0,5","М",535,755.1,403978.5,"450045, г. Уфа, ПАО АНК \"Башнефть\" \"Башнефть-Новойл\""]
["Кабель, провод монтажный","ПАО АНК \"Башнефть\" \"Башнефть-Новойл\"",9,314,"Кабель КПМСЭфИПГм-внг(А)-FRHF 20х2х1","М",50,925.57,46278.5,"450045, г. Уфа, ПАО АНК \"Башнефть\" \"Башнефть-Новойл\""]
["Кабель, провод монтажный","ПАО АНК \"Башнефть\" \"Башнефть-Новойл\"",9,315,"Кабель КПМСЭфИПГм-внг(А)-FRHF 2х2х1","М",75,201.44,15108,"450045, г. Уфа, ПАО АНК \"Башнефть\" \"Башнефть-Новойл\""]
["Кабель, провод монтажный","ПАО АНК \"Башнефть\" \"Башнефть-Новойл\"",9,316,"Кабель КПМСЭфИПГм-внг(А)-FRHF 3х2х1","М",42,293.08999999999997,12309.779999999999,"450045, г. Уфа, ПАО АНК \"Башнефть\" \"Башнефть-Новойл\""]
["Кабель, провод монтажный","ПАО АНК \"Башнефть\" \"Башнефть-Новойл\"",9,317,"Кабель КПМСЭфИПГм-внг(А)-FRHF 4х2х0,5","М",257,239.05,61435.850000000006,"450045, г. Уфа, ПАО АНК \"Башнефть\" \"Башнефть-Новойл\""]
["Кабель, провод монтажный","ПАО АНК \"Башнефть\" \"Башнефть-Новойл\"",9,318,"Кабель КПМСЭфКПГм-внг(А)-FRHF 2х2х1","М",220,142.4,31328,"450045, г. Уфа, ПАО АНК \"Башнефть\" \"Башнефть-Новойл\""]
["Кабель, провод монтажный","ПАО АНК \"Башнефть\" \"Башнефть-Новойл\"",9,319,"Кабель КПМСЭфПГм-внг(А)-FRHF 12х2х1","М",96,576.55999999999995,55349.759999999995,"450045, г. Уфа, ПАО АНК \"Башнефть\" \"Башнефть-Новойл\""]
["Кабель, провод монтажный","ПАО АНК \"Башнефть\" \"Башнефть-Новойл\"",9,320,"Кабель МКПсБлВнг(А)-LS 2х2х2,5","М",243,129.37,31436.91,"450045, г. Уфа, ПАО АНК \"Башнефть\" \"Башнефть-Новойл\""]
["Кабель, провод монтажный","ПАО АНК \"Башнефть\" \"Башнефть-Новойл\"",9,321,"Кабель МКПсВ 10х2х1","М",725,388.12,281387,"450045, г. Уфа, ПАО АНК \"Башнефть\" \"Башнефть-Новойл\""]
["Кабель, провод монтажный","ПАО АНК \"Башнефть\" \"Башнефть-Новойл\"",9,322,"Кабель МКПсВ 14х2х1,5","М",2440,367.21,895992.39999999991,"450045, г. Уфа, ПАО АНК \"Башнефть\" \"Башнефть-Новойл\""]
["Кабель, провод монтажный","ПАО АНК \"Башнефть\" \"Башнефть-Новойл\"",9,323,"Кабель МКПсВ 14х2х1,5","М",60,367.21,22032.6,"450045, г. Уфа, ПАО АНК \"Башнефть\" \"Башнефть-Новойл\""]
["Кабель, провод монтажный","ПАО АНК \"Башнефть\" \"Башнефть-Новойл\"",9,324,"Кабель МКПсВ 2х2х1,0","М",535,71.14,38059.9,"450045, г. Уфа, ПАО АНК \"Башнефть\" \"Башнефть-Новойл\""]
["Кабель, провод монтажный","ПАО АНК \"Башнефть\" \"Башнефть-Новойл\"",9,325,"Кабель МКПсВ 2х2х1,5","М",15,81.459999999999994,1221.8999999999999,"450045, г. Уфа, ПАО АНК \"Башнефть\" \"Башнефть-Новойл\""]
["Кабель, провод монтажный","ПАО АНК \"Башнефть\" \"Башнефть-Новойл\"",9,326,"Кабель МКПсВ-Внг-FRHF 1х2х1","М",745,74.989999999999995,55867.549999999996,"450045, г. Уфа, ПАО АНК \"Башнефть\" \"Башнефть-Новойл\""]
["Кабель, провод монтажный","ПАО АНК \"Башнефть\" \"Башнефть-Новойл\"",9,327,"Кабель МКПсВ-Внг-FRHF 2х2х0,5","М",685,106.66,73062.099999999991,"450045, г. Уфа, ПАО АНК \"Башнефть\" \"Башнефть-Новойл\""]
["Кабель, провод монтажный","ПАО АНК \"Башнефть\" \"Башнефть-Новойл\"",9,328,"Кабель МКПсЭВ 10х2х1","М",74,259.77999999999997,19223.719999999998,"450045, г. Уфа, ПАО АНК \"Башнефть\" \"Башнефть-Новойл\""]
["Кабель, провод монтажный","ПАО АНК \"Башнефть\" \"Башнефть-Новойл\"",9,329,"Кабель МКПсЭВ 10х2х1","М",364,273.58999999999997,99586.76,"450045, г. Уфа, ПАО АНК \"Башнефть\" \"Башнефть-Новойл\""]
["Кабель, провод монтажный","ПАО АНК \"Башнефть\" \"Башнефть-Новойл\"",9,330,"Кабель МКПсЭВ 10х2х1","М",2100,233.3,489930,"450045, г. Уфа, ПАО АНК \"Башнефть\" \"Башнефть-Новойл\""]
["Кабель, провод монтажный","ПАО АНК \"Башнефть\" \"Башнефть-Новойл\"",9,331,"Кабель МКПсЭВ 10х2х1","М",66,242.39,15997.74,"450045, г. Уфа, ПАО АНК \"Башнефть\" \"Башнефть-Новойл\""]
["Кабель, провод монтажный","ПАО АНК \"Башнефть\" \"Башнефть-Новойл\"",9,332,"Кабель МКПсЭВ 10х2х1,5","М",292,303.88,88732.959999999992,"450045, г. Уфа, ПАО АНК \"Башнефть\" \"Башнефть-Новойл\""]
["Кабель, провод монтажный","ПАО АНК \"Башнефть\" \"Башнефть-Новойл\"",9,333,"Кабель МКПсЭВ 10х2х1,5","М",120,320.02999999999997,38403.599999999999,"450045, г. Уфа, ПАО АНК \"Башнефть\" \"Башнефть-Новойл\""]
["Кабель, провод монтажный","ПАО АНК \"Башнефть\" \"Башнефть-Новойл\"",9,334,"Кабель МКПсЭВ 14х2х1","М",348,365.58,127221.84,"450045, г. Уфа, ПАО АНК \"Башнефть\" \"Башнефть-Новойл\""]
["Кабель, провод монтажный","ПАО АНК \"Башнефть\" \"Башнефть-Новойл\"",9,335,"Кабель МКПсЭВ 14х2х1","М",1420,365.58,519123.6,"450045, г. Уфа, ПАО АНК \"Башнефть\" \"Башнефть-Новойл\""]
["Кабель, провод монтажный","ПАО АНК \"Башнефть\" \"Башнефть-Новойл\"",9,336,"Кабель МКПсЭВ 14х2х1","М",1204,347.12,417932.48,"450045, г. Уфа, ПАО АНК \"Башнефть\" \"Башнефть-Новойл\""]
["Кабель, провод монтажный","ПАО АНК \"Башнефть\" \"Башнефть-Новойл\"",9,337,"Кабель МКПсЭВ 2х2х1","М",483,70.010000000000005,33814.83,"450045, г. Уфа, ПАО АНК \"Башнефть\" \"Башнефть-Новойл\""]
["Кабель, провод монтажный","ПАО АНК \"Башнефть\" \"Башнефть-Новойл\"",9,338,"Кабель МКПсЭВ 2х2х1","М",318,70.010000000000005,22263.18,"450045, г. Уфа, ПАО АНК \"Башнефть\" \"Башнефть-Новойл\""]
["Кабель, провод монтажный","ПАО АНК \"Башнефть\" \"Башнефть-Новойл\"",9,339,"Кабель МКПсЭВ 2х2х1","М",1300,70.010000000000005,91013,"450045, г. Уфа, ПАО АНК \"Башнефть\" \"Башнефть-Новойл\""]
["Кабель, провод монтажный","ПАО АНК \"Башнефть\" \"Башнефть-Новойл\"",9,340,"Кабель МКПсЭВ 2х2х1","М",150,120.17,18025.5,"450045, г. Уфа, ПАО АНК \"Башнефть\" \"Башнефть-Новойл\""]
["Кабель, провод монтажный","ПАО АНК \"Башнефть\" \"Башнефть-Новойл\"",9,341,"Кабель МКПсЭВ 2х2х1","М",165,70.010000000000005,11551.650000000001,"450045, г. Уфа, ПАО АНК \"Башнефть\" \"Башнефть-Новойл\""]
["Кабель, провод монтажный","ПАО АНК \"Башнефть\" \"Башнефть-Новойл\"",9,342,"Кабель МКПсЭВ 2х2х1,5","М",250,64.56,16140,"450045, г. Уфа, ПАО АНК \"Башнефть\" \"Башнефть-Новойл\""]
["Кабель, провод монтажный","ПАО АНК \"Башнефть\" \"Башнефть-Новойл\"",9,343,"Кабель МКПсЭВ 5х2х1","М",4415,160.13999999999999,707018.1,"450045, г. Уфа, ПАО АНК \"Башнефть\" \"Башнефть-Новойл\""]
["Кабель, провод монтажный","ПАО АНК \"Башнефть\" \"Башнефть-Новойл\"",9,344,"Кабель МКПсЭВ 5х2х1","М",506,160.13999999999999,81030.84,"450045, г. Уфа, ПАО АНК \"Башнефть\" \"Башнефть-Новойл\""]
["Кабель, провод монтажный","ПАО АНК \"Башнефть\" \"Башнефть-Новойл\"",9,345,"Кабель МКПсЭВ 5х2х1,5","М",36,161.19,5802.84,"450045, г. Уфа, ПАО АНК \"Башнефть\" \"Башнефть-Новойл\""]
["Кабель, провод монтажный","ПАО АНК \"Башнефть\" \"Башнефть-Новойл\"",9,346,"Кабель МКПсЭВ 5х2х1,5","М",90,155.09,13958.1,"450045, г. Уфа, ПАО АНК \"Башнефть\" \"Башнефть-Новойл\""]
["Кабель, провод монтажный","ПАО АНК \"Башнефть\" \"Башнефть-Новойл\"",9,347,"Кабель МКПсЭВ 7х2х1","М",1180,171.83,202759.40000000002,"450045, г. Уфа, ПАО АНК \"Башнефть\" \"Башнефть-Новойл\""]
["Кабель, провод монтажный","ПАО АНК \"Башнефть\" \"Башнефть-Новойл\"",9,348,"Кабель МКПсЭВ-Внг-FRHF 10х2х0,5","М",1556,343.8,534952.80000000005,"450045, г. Уфа, ПАО АНК \"Башнефть\" \"Башнефть-Новойл\""]
["Кабель, провод монтажный","ПАО АНК \"Башнефть\" \"Башнефть-Новойл\"",9,349,"Кабель МКПсЭВ-Внг-FRHF 2х2х1","М",322,171.74,55300.280000000006,"450045, г. Уфа, ПАО АНК \"Башнефть\" \"Башнефть-Новойл\""]
["Кабель, провод монтажный","ПАО АНК \"Башнефть\" \"Башнефть-Новойл\"",9,350,"Кабель МКПсЭВнг(А)-LS 10х1м","М",390,132.29,51593.1,"450045, г. Уфа, ПАО АНК \"Башнефть\" \"Башнефть-Новойл\""]
["Кабель, провод монтажный","ПАО АНК \"Башнефть\" \"Башнефть-Новойл\"",9,351,"Кабель МКПсЭВнг(А)-LS 5х2х1","М",65,301.87,19621.55,"450045, г. Уфа, ПАО АНК \"Башнефть\" \"Башнефть-Новойл\""]
["Кабель, провод монтажный","ПАО АНК \"Башнефть\" \"Башнефть-Новойл\"",9,352,"Кабель МКПсЭВнг-FRHF 20х2х0,5","М",440,704.82,310120.80000000005,"450045, г. Уфа, ПАО АНК \"Башнефть\" \"Башнефть-Новойл\""]
["Кабель, провод монтажный","ПАО АНК \"Башнефть\" \"Башнефть-Новойл\"",9,353,"Кабель МКПсЭИВнг(А)-LS 7х3х1","М",2124,294.56,625645.44000000006,"450045, г. Уфа, ПАО АНК \"Башнефть\" \"Башнефть-Новойл\""]
["Кабель, провод монтажный","ПАО АНК \"Башнефть\" \"Башнефть-Новойл\"",9,354,"Кабель МКПсЭКВ-Внг-FRHF 2х2х0,5","М",1471.5,141.94999999999999,208879.42499999999,"450045, г. Уфа, ПАО АНК \"Башнефть\" \"Башнефть-Новойл\""]
["Кабель, провод монтажный","ПАО АНК \"Башнефть\" \"Башнефть-Новойл\"",9,355,"Кабель МКЭКШВнг(А)-LS 10х2х1,0","М",150,141.19999999999999,21180,"450045, г. Уфа, ПАО АНК \"Башнефть\" \"Башнефть-Новойл\""]
["Кабель, провод монтажный","ПАО АНК \"Башнефть\" \"Башнефть-Новойл\"",9,356,"Кабель МКЭКШВнг(А)-LS 10х2х1,5","М",308,149.15,45938.200000000004,"450045, г. Уфа, ПАО АНК \"Башнефть\" \"Башнефть-Новойл\""]
["Кабель, провод монтажный","ПАО АНК \"Башнефть\" \"Башнефть-Новойл\"",9,357,"Кабель МКЭКШВнг(А)-LS 1х2х1,5","М",18,43.27,778.86,"450045, г. Уфа, ПАО АНК \"Башнефть\" \"Башнефть-Новойл\""]
["Кабель, провод монтажный","ПАО АНК \"Башнефть\" \"Башнефть-Новойл\"",9,358,"Кабель МКЭКШВнг(А)-LS 2х2х1,0","М",75,36.25,2718.75,"450045, г. Уфа, ПАО АНК \"Башнефть\" \"Башнефть-Новойл\""]
["Кабель, провод монтажный","ПАО АНК \"Башнефть\" \"Башнефть-Новойл\"",9,359,"Кабель МКЭКШВнг(А)-LS 3х2х1","М",790,54.14,42770.6,"450045, г. Уфа, ПАО АНК \"Башнефть\" \"Башнефть-Новойл\""]
["Кабель, провод монтажный","ПАО АНК \"Башнефть\" \"Башнефть-Новойл\"",9,360,"Кабель МКЭКШвнг(А)-LS 5х1","М",12,88.69,1064.28,"450045, г. Уфа, ПАО АНК \"Башнефть\" \"Башнефть-Новойл\""]
["Кабель, провод монтажный","ПАО АНК \"Башнефть\" \"Башнефть-Новойл\"",9,361,"Кабель МКЭШВнг(А) 10х2х1,5","М",155,286.91000000000003,44471.05,"450045, г. Уфа, ПАО АНК \"Башнефть\" \"Башнефть-Новойл\""]
["Кабель, провод монтажный","ПАО АНК \"Башнефть\" \"Башнефть-Новойл\"",9,362,"Кабель МКЭШВнг(А)-LS 2х2х1,0","М",240,52.09,12501.6,"450045, г. Уфа, ПАО АНК \"Башнефть\" \"Башнефть-Новойл\""]
["Кабель, провод монтажный","ПАО АНК \"Башнефть\" \"Башнефть-Новойл\"",9,363,"Кабель МКЭШВнг(А)-LS 4х2х1","М",12,62.85,754.2,"450045, г. Уфа, ПАО АНК \"Башнефть\" \"Башнефть-Новойл\""]
["Кабель, провод монтажный","ПАО АНК \"Башнефть\" \"Башнефть-Новойл\"",9,364,"Кабель МКЭШВнг(А)-LS 4х2х1,0","М",40,239.96,9598.4,"450045, г. Уфа, ПАО АНК \"Башнефть\" \"Башнефть-Новойл\""]
["Кабель, провод монтажный","ПАО АНК \"Башнефть\" \"Башнефть-Новойл\"",9,365,"Кабель МКЭШВнг(А)-LS 4х2х1,0","М",25,239.96,5999,"450045, г. Уфа, ПАО АНК \"Башнефть\" \"Башнефть-Новойл\""]
["Кабель, провод монтажный","ПАО АНК \"Башнефть\" \"Башнефть-Новойл\"",9,366,"Кабель монтажный КПСВВ 1х2х0,5","М",1700,6.39,{"$f":"G370*H370","v":10863},"450045, г. Уфа, ПАО АНК \"Башнефть\" \"Башнефть-Новойл\""]
["Кабель, провод монтажный","ПАО АНК \"Башнефть\" \"Башнефть-Новойл\"",9,367,"Кабель монтажный КСПВ 4х0,5","М",155,2.87,444.85,"450045, г. Уфа, ПАО АНК \"Башнефть\" \"Башнефть-Новойл\""]
["Кабель, провод монтажный","ПАО АНК \"Башнефть\" \"Башнефть-Новойл\"",9,368,"Кабель монтажный КСПВ 4х0,5","М",650,2.87,1865.5,"450045, г. Уфа, ПАО АНК \"Башнефть\" \"Башнефть-Новойл\""]
["Кабель, провод монтажный","ПАО АНК \"Башнефть\" \"Башнефть-Новойл\"",9,369,"Кабель монтажный КСПВ 4х0,5","М",200,2.87,574,"450045, г. Уфа, ПАО АНК \"Башнефть\" \"Башнефть-Новойл\""]
["Кабель, провод монтажный","ПАО АНК \"Башнефть\" \"Башнефть-Новойл\"",9,370,"Кабель монтажный КСПВ 4х0,5","М",400,2.87,1148,"450045, г. Уфа, ПАО АНК \"Башнефть\" \"Башнефть-Новойл\""]
["Кабель, провод монтажный","ПАО АНК \"Башнефть\" \"Башнефть-Новойл\"",9,371,"Кабель монтажный КСПВ 4х0,5","М",10,2.87,28.700000000000003,"450045, г. Уфа, ПАО АНК \"Башнефть\" \"Башнефть-Новойл\""]
["Кабель, провод монтажный","ПАО АНК \"Башнефть\" \"Башнефть-Новойл\"",9,372,"Кабель монтажный КСПВ 4х0,5","М",450,2.87,1291.5,"450045, г. Уфа, ПАО АНК \"Башнефть\" \"Башнефть-Новойл\""]
["Кабель, провод монтажный","ПАО АНК \"Башнефть\" \"Башнефть-Новойл\"",9,373,"Кабель монтажный КСПВ 4х0,5","М",190,2.87,545.30000000000007,"450045, г. Уфа, ПАО АНК \"Башнефть\" \"Башнефть-Новойл\""]
["Кабель, провод монтажный","ПАО АНК \"Башнефть\" \"Башнефть-Новойл\"",9,374,"Кабель монтажный КСПЭВ 4х0,5","М",200,2.87,574,"450045, г. Уфа, ПАО АНК \"Башнефть\" \"Башнефть-Новойл\""]
["Кабель, провод монтажный","ПАО АНК \"Башнефть\" \"Башнефть-Новойл\"",9,375,"Кабель монтажный МКЭШ 7Х0,35","М",62,17.399999999999999,1078.8,"450045, г. Уфа, ПАО АНК \"Башнефть\" \"Башнефть-Новойл\""]
["Кабель, провод монтажный","ПАО АНК \"Башнефть\" \"Башнефть-Новойл\"",9,376,"Кабель монтажный МКЭШВ 4х2х1,0","М",150,45.93,6889.5,"450045, г. Уфа, ПАО АНК \"Башнефть\" \"Башнефть-Новойл\""]
["Кабель, провод монтажный","ПАО АНК \"Башнефть\" \"Башнефть-Новойл\"",9,377,"Кабель монтажный МКЭШВнг(А) 10х2х1,0","М",372,202.97,75504.84,"450045, г. Уфа, ПАО АНК \"Башнефть\" \"Башнефть-Новойл\""]
["Кабель, провод монтажный","ПАО АНК \"Башнефть\" \"Башнефть-Новойл\"",9,378,"Кабель монтажный МКЭШВнг(А) 7х2х1,0","М",765,86.5,66172.5,"450045, г. Уфа, ПАО АНК \"Башнефть\" \"Башнефть-Новойл\""]
["Кабель, провод монтажный","ПАО АНК \"Башнефть\" \"Башнефть-Новойл\"",9,379,"Кабель монтажный МКЭШВнг(А)LS 2х(2х1,0)э","М",62,76.56,4746.72,"450045, г. Уфа, ПАО АНК \"Башнефть\" \"Башнефть-Новойл\""]
["Кабель, провод монтажный","ПАО АНК \"Башнефть\" \"Башнефть-Новойл\"",9,380,"Кабель монтажный МКЭШВнг(А)LS 2х(2х1,0)э","М",176,70.900000000000006,12478.400000000001,"450045, г. Уфа, ПАО АНК \"Башнефть\" \"Башнефть-Новойл\""]
["Кабель, провод монтажный","ПАО АНК \"Башнефть\" \"Башнефть-Новойл\"",9,381,"Провод МГТФ 1х0.07","М",4855,0.02,97.100000000000009,"450045, г. Уфа, ПАО АНК \"Башнефть\" \"Башнефть-Новойл\""]
["Кабель, провод монтажный","ПАО АНК \"Башнефть\" \"Башнефть-Новойл\"",9,382,"Провод МГШВЭ 3х0.75","М",31,8.33,258.23,"450045, г. Уфа, ПАО АНК \"Башнефть\" \"Башнефть-Новойл\""]
["Кабель, провод монтажный","ПАО АНК \"Башнефть\" \"Башнефть-Новойл\"",9,383,"Провод МНВ 1х0.12","М",11220,0.02,224.4,"450045, г. Уфа, ПАО АНК \"Башнефть\" \"Башнефть-Новойл\""]
["Кабель, провод монтажный","ПАО АНК \"Башнефть\" \"Башнефть-Новойл\"",9,384,"Провод МНВ 1х0.2","М",3980,0.02,79.600000000000009,"450045, г. Уфа, ПАО АНК \"Башнефть\" \"Башнефть-Новойл\""]
["Кабель, провод монтажный","ПАО АНК \"Башнефть\" \"Башнефть-Новойл\"",9,385,"Х Кабель КММ 2х0.35","М",100,8.84,884,"450045, г. Уфа, ПАО АНК \"Башнефть\" \"Башнефть-Новойл\""]
["Оптический кабель","ПАО АНК \"Башнефть\" \"Башнефть-Новойл\"",10,386,"Кабель ДПЛ-004А-06-А04х1-2,7-НГ","М",7831,37.590000000000003,294367.29000000004,"450045, г. Уфа, ПАО АНК \"Башнефть\" \"Башнефть-Новойл\""]
["Оптический кабель","ПАО АНК \"Башнефть\" \"Башнефть-Новойл\"",10,387,"Кабель ДПЛ-Н-16А-4(6)-1,5кН","М",2510,43.75,109812.5,"450045, г. Уфа, ПАО АНК \"Башнефть\" \"Башнефть-Новойл\""]
["Оптический кабель","ПАО АНК \"Башнефть\" \"Башнефть-Новойл\"",10,388,"Кабель ДПС-016МВ-04-МВ04х04-7,0","М",1256,43.05,54070.799999999996,"450045, г. Уфа, ПАО АНК \"Башнефть\" \"Башнефть-Новойл\""]
["Оптический кабель","ПАО АНК \"Башнефть\" \"Башнефть-Новойл\"",10,389,"Кабель ДПС-016МВ-04-МВ04х04-7,0","М",1288,43.05,55448.399999999994,"450045, г. Уфа, ПАО АНК \"Башнефть\" \"Башнефть-Новойл\""]
["Оптический кабель","ПАО АНК \"Башнефть\" \"Башнефть-Новойл\"",10,390,"Кабель ДПС-016МВ-04-МВ04х04-7,0","М",2268,43.05,97637.4,"450045, г. Уфа, ПАО АНК \"Башнефть\" \"Башнефть-Новойл\""]
["Оптический кабель","ПАО АНК \"Башнефть\" \"Башнефть-Новойл\"",10,391,"Кабель ДПС-016МВ-04-МВ04х04-7,0","М",1656,43.05,71290.799999999988,"450045, г. Уфа, ПАО АНК \"Башнефть\" \"Башнефть-Новойл\""]
["Оптический кабель","ПАО АНК \"Башнефть\" \"Башнефть-Новойл\"",10,392,"Кабель оптический ИКСЛН-М4П-А8-2,5","М",128,29.12,3727.36,"450045, г. Уфа, ПАО АНК \"Башнефть\" \"Башнефть-Новойл\""]
["Оптический кабель","ПАО АНК \"Башнефть\" \"Башнефть-Новойл\"",10,393,"Кабель оптический ОКМН-2х4А-2,7","М",230,28.7,6601,"450045, г. Уфа, ПАО АНК \"Башнефть\" \"Башнефть-Новойл\""]
["Провод термоэлектродный","ПАО АНК \"Башнефть\" \"Башнефть-Новойл\"",11,394,"Провод ПТВВ-П 2х1,5","М",1500,22.05,33075,"450045, г. Уфа, ПАО АНК \"Башнефть\" \"Башнефть-Новойл\""]
["Провод термоэлектродный","ПАО АНК \"Башнефть\" \"Башнефть-Новойл\"",11,395,"Провод ПТВ-ЖК 2х1","М",650,0.83,539.5,"450045, г. Уфа, ПАО АНК \"Башнефть\" \"Башнефть-Новойл\""]
["Провод термоэлектродный","ПАО АНК \"Башнефть\" \"Башнефть-Новойл\"",11,396,"Провод ПТВ-М 1х0,75+1х1","М",500,20.440000000000001,10220,"450045, г. Уфа, ПАО АНК \"Башнефть\" \"Башнефть-Новойл\""]
["Провод термоэлектродный","ПАО АНК \"Башнефть\" \"Башнефть-Новойл\"",11,397,"Провод ПТВ-М 2х1,5","М",280,25.52,7145.5999999999995,"450045, г. Уфа, ПАО АНК \"Башнефть\" \"Башнефть-Новойл\""]
["Провод термоэлектродный","ПАО АНК \"Башнефть\" \"Башнефть-Новойл\"",11,398,"Провод ПТГВ-М 2х1,5","М",1442,27.32,39395.440000000002,"450045, г. Уфа, ПАО АНК \"Башнефть\" \"Башнефть-Новойл\""]
["Провод термоэлектродный","ПАО АНК \"Башнефть\" \"Башнефть-Новойл\"",11,399,"Провод ПТГВЭВТ-ХА 2х1","М",400,49.76,19904,"450045, г. Уфа, ПАО АНК \"Башнефть\" \"Башнефть-Новойл\""]
["Провод термоэлектродный","ПАО АНК \"Башнефть\" \"Башнефть-Новойл\"",11,400,"Провод соединительный ПВС 2х1,0","М",4,6.79,27.16,"450045, г. Уфа, ПАО АНК \"Башнефть\" \"Башнефть-Новойл\""]
["Провод термоэлектродный","ПАО АНК \"Башнефть\" \"Башнефть-Новойл\"",11,401,"Провод термоэлектродный ПТВВ-М 2х1,5","М",58,28.46,1650.68,"450045, г. Уфа, ПАО АНК \"Башнефть\" \"Башнефть-Новойл\""]
["Провод термоэлектродный","ПАО АНК \"Башнефть\" \"Башнефть-Новойл\"",11,402,"Провод термоэлектродный ПТВВ-М 2х1,5","М",390,26.82,10459.799999999999,"450045, г. Уфа, ПАО АНК \"Башнефть\" \"Башнефть-Новойл\""]
["Провод термоэлектродный","ПАО АНК \"Башнефть\" \"Башнефть-Новойл\"",11,403,"Провод термоэлектродный ПТВВ-М 2х1,5","М",640,26.82,17164.8,"450045, г. Уфа, ПАО АНК \"Башнефть\" \"Башнефть-Новойл\""]
["Провод термоэлектродный","ПАО АНК \"Башнефть\" \"Башнефть-Новойл\"",11,404,"Провод термоэлектродный ПТВВТ ХА 2х1,5","М",400,43.01,17204,"450045, г. Уфа, ПАО АНК \"Башнефть\" \"Башнефть-Новойл\""]
["Провода, кабеля, шнуры","ПАО АНК \"Башнефть\" \"Башнефть-Новойл\"",12,405,"Кабель Герда-КВнг(А)-LS 5х2х1,0м Эа","М",235,101.86,23937.1,"450045, г. Уфа, ПАО АНК \"Башнефть\" \"Башнефть-Новойл\""]
["Провода, кабеля, шнуры","ПАО АНК \"Башнефть\" \"Башнефть-Новойл\"",12,406,"Кабель Герда-КВнг(А)-LS 5х2х1,0м Эа","М",19,101.86,1935.34,"450045, г. Уфа, ПАО АНК \"Башнефть\" \"Башнефть-Новойл\""]
["Провода, кабеля, шнуры","ПАО АНК \"Башнефть\" \"Башнефть-Новойл\"",12,407,"Кабель КНРЭ 1х16-0,66","М",30,179.08,5372.4000000000005,"450045, г. Уфа, ПАО АНК \"Башнефть\" \"Башнефть-Новойл\""]
["Провода, кабеля, шнуры","ПАО АНК \"Башнефть\" \"Башнефть-Новойл\"",12,408,"Кабель коаксиальный РК-75-9-13","М",240,59.35,14244,"450045, г. Уфа, ПАО АНК \"Башнефть\" \"Башнефть-Новойл\""]
["Провода, кабеля, шнуры","ПАО АНК \"Башнефть\" \"Башнефть-Новойл\"",12,409,"Кабель коаксиальный РК-75-9-13","М",60,59.35,3561,"450045, г. Уфа, ПАО АНК \"Башнефть\" \"Башнефть-Новойл\""]
["Провода, кабеля, шнуры","ПАО АНК \"Башнефть\" \"Башнефть-Новойл\"",12,410,"Кабель контрольный АКВБбШв 14х2,5","М",80,45.68,3654.4,"450045, г. Уфа, ПАО АНК \"Башнефть\" \"Башнефть-Новойл\""]
["Провода, кабеля, шнуры","ПАО АНК \"Башнефть\" \"Башнефть-Новойл\"",12,411,"Кабель контрольный АКВБбШв 7х2,5","М",295,42.13,12428.35,"450045, г. Уфа, ПАО АНК \"Башнефть\" \"Башнефть-Новойл\""]
["Провода, кабеля, шнуры","ПАО АНК \"Башнефть\" \"Башнефть-Новойл\"",12,412,"Кабель контрольный АКВВГ 10х2,5","М",100,18.29,1829,"450045, г. Уфа, ПАО АНК \"Башнефть\" \"Башнефть-Новойл\""]
["Провода, кабеля, шнуры","ПАО АНК \"Башнефть\" \"Башнефть-Новойл\"",12,413,"Кабель контрольный АКВВГ 4х2,5","М",194,8.0299999999999994,1557.82,"450045, г. Уфа, ПАО АНК \"Башнефть\" \"Башнефть-Новойл\""]
["Провода, кабеля, шнуры","ПАО АНК \"Башнефть\" \"Башнефть-Новойл\"",12,414,"Кабель контрольный АКВВГ 4х2,5","М",300,8.8699999999999992,2660.9999999999995,"450045, г. Уфа, ПАО АНК \"Башнефть\" \"Башнефть-Новойл\""]
["Провода, кабеля, шнуры","ПАО АНК \"Башнефть\" \"Башнефть-Новойл\"",12,415,"Кабель контрольный АКВВГ 4х2,5","М",193,8.8699999999999992,1711.9099999999999,"450045, г. Уфа, ПАО АНК \"Башнефть\" \"Башнефть-Новойл\""]
["Провода, кабеля, шнуры","ПАО АНК \"Башнефть\" \"Башнефть-Новойл\"",12,416,"Кабель РК 50-3-11","М",50,17.75,887.5,"450045, г. Уфа, ПАО АНК \"Башнефть\" \"Башнефть-Новойл\""]
["Провода, кабеля, шнуры","ПАО АНК \"Башнефть\" \"Башнефть-Новойл\"",12,417,"Кабель РК 50-7-12","М",111,48.56,5390.16,"450045, г. Уфа, ПАО АНК \"Башнефть\" \"Башнефть-Новойл\""]
["Провода, кабеля, шнуры","ПАО АНК \"Башнефть\" \"Башнефть-Новойл\"",12,418,"Кабель РПШ 10х1,5","М",25,131.69,3292.25,"450045, г. Уфа, ПАО АНК \"Башнефть\" \"Башнефть-Новойл\""]
["Провода, кабеля, шнуры","ПАО АНК \"Башнефть\" \"Башнефть-Новойл\"",12,419,"Кабель СБВГ 3х0,9","М",510,54.39,27738.9,"450045, г. Уфа, ПАО АНК \"Башнефть\" \"Башнефть-Новойл\""]
["Провода, кабеля, шнуры","ПАО АНК \"Башнефть\" \"Башнефть-Новойл\"",12,420,"Кабель СБВГнг 16х0,9","М",100,117.19,11719,"450045, г. Уфа, ПАО АНК \"Башнефть\" \"Башнефть-Новойл\""]
["Провода, кабеля, шнуры","ПАО АНК \"Башнефть\" \"Башнефть-Новойл\"",12,421,"Кабель связи КСПП 1х4х0,9","М",45,27.64,1243.8,"450045, г. Уфа, ПАО АНК \"Башнефть\" \"Башнефть-Новойл\""]
["Провода, кабеля, шнуры","ПАО АНК \"Башнефть\" \"Башнефть-Новойл\"",12,422,"Кабель связи КСПП 1х4х0,9","М",12,26.59,319.08,"450045, г. Уфа, ПАО АНК \"Башнефть\" \"Башнефть-Новойл\""]
["Провода, кабеля, шнуры","ПАО АНК \"Башнефть\" \"Башнефть-Новойл\"",12,423,"Кабель связи КСППБ 1х4х0,9","М",33,43.7,1442.1000000000001,"450045, г. Уфа, ПАО АНК \"Башнефть\" \"Башнефть-Новойл\""]
["Провода, кабеля, шнуры","ПАО АНК \"Башнефть\" \"Башнефть-Новойл\"",12,424,"Кабель ТППБ 30х2х0.4","М",80,5.29,423.2,"450045, г. Уфа, ПАО АНК \"Башнефть\" \"Башнефть-Новойл\""]
["Провода, кабеля, шнуры","ПАО АНК \"Башнефть\" \"Башнефть-Новойл\"",12,425,"Провод АПВ 2,5","М",140,1.78,249.20000000000002,"450045, г. Уфа, ПАО АНК \"Башнефть\" \"Башнефть-Новойл\""]
["Провода, кабеля, шнуры","ПАО АНК \"Башнефть\" \"Башнефть-Новойл\"",12,426,"Провод ПВ-1 0.75 С","М",13.18,0.83,10.939399999999999,"450045, г. Уфа, ПАО АНК \"Башнефть\" \"Башнефть-Новойл\""]
["Провода, кабеля, шнуры","ПАО АНК \"Башнефть\" \"Башнефть-Новойл\"",12,427,"Провод ПВ-1 10 КЧ","М",27,26.82,724.14,"450045, г. Уфа, ПАО АНК \"Башнефть\" \"Башнефть-Новойл\""]
["Провода, кабеля, шнуры","ПАО АНК \"Башнефть\" \"Башнефть-Новойл\"",12,428,"Провод ПВ-1 16 Б","М",4,47.27,189.08,"450045, г. Уфа, ПАО АНК \"Башнефть\" \"Башнефть-Новойл\""]
["Провода, кабеля, шнуры","ПАО АНК \"Башнефть\" \"Башнефть-Новойл\"",12,429,"Провод ПВ1 4,0 С","М",65,9.5399999999999991,620.09999999999991,"450045, г. Уфа, ПАО АНК \"Башнефть\" \"Башнефть-Новойл\""]
["Провода, кабеля, шнуры","ПАО АНК \"Башнефть\" \"Башнефть-Новойл\"",12,430,"Провод ПВ1 4,0 С","М",30,2.06,{"$f":"G434*H434","v":61.800000000000004},"450045, г. Уфа, ПАО АНК \"Башнефть\" \"Башнефть-Новойл\""]
["Провода, кабеля, шнуры","ПАО АНК \"Башнефть\" \"Башнефть-Новойл\"",12,431,"Провод ПВ-1 6 Б","М",16,12.18,194.88,"450045, г. Уфа, ПАО АНК \"Башнефть\" \"Башнефть-Новойл\""]
["Провода, кабеля, шнуры","ПАО АНК \"Башнефть\" \"Башнефть-Новойл\"",12,432,"Провод ПВ1 6,0","М",23,12.18,280.14,"450045, г. Уфа, ПАО АНК \"Башнефть\" \"Башнефть-Новойл\""]
["Провода, кабеля, шнуры","ПАО АНК \"Башнефть\" \"Башнефть-Новойл\"",12,433,"Провод ПВ1 6,0","М",14,12.18,170.51999999999998,"450045, г. Уфа, ПАО АНК \"Башнефть\" \"Башнефть-Новойл\""]
["Провода, кабеля, шнуры","ПАО АНК \"Башнефть\" \"Башнефть-Новойл\"",12,434,"Провод ПВ1 6,0","М",8,12.18,97.44,"450045, г. Уфа, ПАО АНК \"Башнефть\" \"Башнефть-Новойл\""]
["Провода, кабеля, шнуры","ПАО АНК \"Башнефть\" \"Башнефть-Новойл\"",12,435,"Провод ПВ1 70,0 Б","М",6,208.91,1253.46,"450045, г. Уфа, ПАО АНК \"Башнефть\" \"Башнефть-Новойл\""]
["Провода, кабеля, шнуры","ПАО АНК \"Башнефть\" \"Башнефть-Новойл\"",12,436,"Провод ПВ1 95,0 К","М",15,219.47,3292.05,"450045, г. Уфа, ПАО АНК \"Башнефть\" \"Башнефть-Новойл\""]
["Провода, кабеля, шнуры","ПАО АНК \"Башнефть\" \"Башнефть-Новойл\"",12,437,"Провод ПВС 2х0,75","М",12,16.63,199.56,"450045, г. Уфа, ПАО АНК \"Башнефть\" \"Башнефть-Новойл\""]
["Провода, кабеля, шнуры","ПАО АНК \"Башнефть\" \"Башнефть-Новойл\"",12,438,"Провод ПВС 2х1","М",10,7.85,78.5,"450045, г. Уфа, ПАО АНК \"Башнефть\" \"Башнефть-Новойл\""]
["Провода, кабеля, шнуры","ПАО АНК \"Башнефть\" \"Башнефть-Новойл\"",12,439,"Провод ППВ 2х1,5","М",30,7.83,234.9,"450045, г. Уфа, ПАО АНК \"Башнефть\" \"Башнефть-Новойл\""]
["Провода, кабеля, шнуры","ПАО АНК \"Башнефть\" \"Башнефть-Новойл\"",12,440,"Провод ПРСн 2х2,5","М",60,15.44,926.4,"450045, г. Уфа, ПАО АНК \"Башнефть\" \"Башнефть-Новойл\""]
["Провода, кабеля, шнуры","ПАО АНК \"Башнефть\" \"Башнефть-Новойл\"",12,441,"Провод ПуВ 1х10 Б","М",50,21.52,1076,"450045, г. Уфа, ПАО АНК \"Башнефть\" \"Башнефть-Новойл\""]
["Провода, кабеля, шнуры","ПАО АНК \"Башнефть\" \"Башнефть-Новойл\"",12,442,"Провод ПуВ 1х2,5","М",387,7.78,3010.86,"450045, г. Уфа, ПАО АНК \"Башнефть\" \"Башнефть-Новойл\""]
["Провода, кабеля, шнуры","ПАО АНК \"Башнефть\" \"Башнефть-Новойл\"",12,443,"Провод ПуВ 1х2,5 Б","М",10,5.5,55,"450045, г. Уфа, ПАО АНК \"Башнефть\" \"Башнефть-Новойл\""]
["Провода, кабеля, шнуры","ПАО АНК \"Башнефть\" \"Башнефть-Новойл\"",12,444,"Провод ПуВ 1х2,5 Б","М",2,5.5,11,"450045, г. Уфа, ПАО АНК \"Башнефть\" \"Башнефть-Новойл\""]
["Провода, кабеля, шнуры","ПАО АНК \"Башнефть\" \"Башнефть-Новойл\"",12,445,"Провод ПуВ 1х4 Ч","М",11,8.8699999999999992,97.57,"450045, г. Уфа, ПАО АНК \"Башнефть\" \"Башнефть-Новойл\""]
["Провода, кабеля, шнуры","ПАО АНК \"Башнефть\" \"Башнефть-Новойл\"",12,446,"Провод ПуВ 1х6 Б","М",20,12.69,253.79999999999998,"450045, г. Уфа, ПАО АНК \"Башнефть\" \"Башнефть-Новойл\""]
["Провода, кабеля, шнуры","ПАО АНК \"Башнефть\" \"Башнефть-Новойл\"",12,447,"Провод ПуГВ 1х0.75 С","М",50,2.2000000000000002,110.00000000000001,"450045, г. Уфа, ПАО АНК \"Башнефть\" \"Башнефть-Новойл\""]
["Провода, кабеля, шнуры","ПАО АНК \"Башнефть\" \"Башнефть-Новойл\"",12,448,"Провод ПуГВ 1х1,0 Ч","М",60,3.65,219,"450045, г. Уфа, ПАО АНК \"Башнефть\" \"Башнефть-Новойл\""]
["Провода, кабеля, шнуры","ПАО АНК \"Башнефть\" \"Башнефть-Новойл\"",12,449,"Провод ПуГВ 1х1,5 К","М",20,4.57,91.4,"450045, г. Уфа, ПАО АНК \"Башнефть\" \"Башнефть-Новойл\""]
["Провода, кабеля, шнуры","ПАО АНК \"Башнефть\" \"Башнефть-Новойл\"",12,450,"Провод ПуГВ 1х10 Б","М",61,24.43,1490.23,"450045, г. Уфа, ПАО АНК \"Башнефть\" \"Башнефть-Новойл\""]
["Провода, кабеля, шнуры","ПАО АНК \"Башнефть\" \"Башнефть-Новойл\"",12,451,"Провод ПуГВ 1х10 Б","М",1,24.43,24.43,"450045, г. Уфа, ПАО АНК \"Башнефть\" \"Башнефть-Новойл\""]
["Провода, кабеля, шнуры","ПАО АНК \"Башнефть\" \"Башнефть-Новойл\"",12,452,"Провод ПуГВ 1х4 Б","М",9,8.5299999999999994,76.77,"450045, г. Уфа, ПАО АНК \"Башнефть\" \"Башнефть-Новойл\""]
["Провода, кабеля, шнуры","ПАО АНК \"Башнефть\" \"Башнефть-Новойл\"",12,453,"Провод ПуГВ 1х4 Ч","М",8,8.8699999999999992,70.959999999999994,"450045, г. Уфа, ПАО АНК \"Башнефть\" \"Башнефть-Новойл\""]
["Провода, кабеля, шнуры","ПАО АНК \"Башнефть\" \"Башнефть-Новойл\"",12,454,"Шнур ШВВП 3х0.5","М",689,5.04,3472.56,"450045, г. Уфа, ПАО АНК \"Башнефть\" \"Башнефть-Новойл\""]
["Провода, кабеля, шнуры","ПАО АНК \"Башнефть\" \"Башнефть-Новойл\"",12,455,"Шнур ШТС-4","ШТ",30,56.31,1689.3000000000002,"450045, г. Уфа, ПАО АНК \"Башнефть\" \"Башнефть-Новойл\""]
["Провода, кабеля, шнуры","ПАО АНК \"Башнефть\" \"Башнефть-Новойл\"",12,456,"Шнур ШТС-4","ШТ",96,3.14,301.44,"450045, г. Уфа, ПАО АНК \"Башнефть\" \"Башнефть-Новойл\""]
["Провода, кабеля, шнуры","ПАО АНК \"Башнефть\" \"Башнефть-Новойл\"",12,457,"Шнур ШТС-4","ШТ",490,3.14,1538.6000000000001,"450045, г. Уфа, ПАО АНК \"Башнефть\" \"Башнефть-Новойл\""]
["Провода, кабеля, шнуры","ПАО АНК \"Башнефть\" \"Башнефть-Новойл\"",12,458,"Шнур ШТСМ-4А","ШТ",1,23.64,23.64,"450045, г. Уфа, ПАО АНК \"Башнефть\" \"Башнефть-Новойл\""]
["Провода, кабеля, шнуры","ПАО АНК \"Башнефть\" \"Башнефть-Новойл\"",12,459,"Шнур ШТСМ-4А","ШТ",27,727.51,19642.77,"450045, г. Уфа, ПАО АНК \"Башнефть\" \"Башнефть-Новойл\""]
["Провода, кабеля, шнуры","ПАО АНК \"Башнефть\" \"Башнефть-Новойл\"",12,460,"Шнур ШТСМ-4А","ШТ",70,23.61,1652.7,"450045, г. Уфа, ПАО АНК \"Башнефть\" \"Башнефть-Новойл\""]
["Провода, кабеля, шнуры","ПАО АНК \"Башнефть\" \"Башнефть-Новойл\"",12,461,"Шнур ШТСМ-4А","ШТ",2,23.64,47.28,"450045, г. Уфа, ПАО АНК \"Башнефть\" \"Башнефть-Новойл\""]
["Провода, кабеля, шнуры","ПАО АНК \"Башнефть\" \"Башнефть-Новойл\"",12,462,"Шнур ШТСМ-4А","ШТ",3,727.51,2182.5299999999997,"450045, г. Уфа, ПАО АНК \"Башнефть\" \"Башнефть-Новойл\""]

{"sheet":"Лист1","index":1,"n_rows":0,"n_cols":0,"rows_kept":0,"cut":false,"hidden":false,"merged":[]}